<?xml version="1.0" encoding="UTF-8"?>
<record
    xmlns:xsi="http://www.w3.org/2001/XMLSchema-instance"
    xsi:schemaLocation="http://www.loc.gov/MARC21/slim http://www.loc.gov/standards/marcxml/schema/MARC21slim.xsd"
    xmlns="http://www.loc.gov/MARC21/slim">

  <leader>01247nas a2200277 i 4500</leader>
  <controlfield tag="003">DO-SdUA</controlfield>
  <controlfield tag="005">20250721153159.0</controlfield>
  <controlfield tag="007">ta</controlfield>
  <controlfield tag="008">250721e2009    dr u  p|r    ||   | spa d</controlfield>
  <datafield tag="035" ind1=" " ind2=" ">
    <subfield code="a">(DO-SdUA)66019</subfield>
  </datafield>
  <datafield tag="040" ind1=" " ind2=" ">
    <subfield code="a">DO-SdUA</subfield>
    <subfield code="b">spa</subfield>
    <subfield code="c">DO-SdUA</subfield>
    <subfield code="d">DO-SdBNP</subfield>
    <subfield code="e">rda</subfield>
  </datafield>
  <datafield tag="041" ind1="0" ind2=" ">
    <subfield code="a">spa</subfield>
  </datafield>
  <datafield tag="110" ind1="2" ind2=" ">
    <subfield code="a">Banco Central de la Rep&#xFA;blica Dominicana.</subfield>
    <subfield code="b">C&#xE1;mara de Comercio y Producci&#xF3;n de Santo Domingo.</subfield>
    <subfield code="9">88403</subfield>
  </datafield>
  <datafield tag="245" ind1="1" ind2="3">
    <subfield code="a">El mercantil : </subfield>
    <subfield code="b">para los l&#xED;deres de hoy y del ma&#xF1;ana /</subfield>
    <subfield code="c">C&#xE1;mara de Comercio y Producci&#xF3;n de Santo Domingo.</subfield>
  </datafield>
  <datafield tag="264" ind1=" " ind2=" ">
    <subfield code="a">Santo Domingo, Rep&#xFA;blica Dominicana :</subfield>
    <subfield code="b">Banco Central de la Rep&#xFA;blica Dominicana.</subfield>
    <subfield code="b">C&#xE1;mara de Comercio y Producci&#xF3;n de Santo Domingo,</subfield>
    <subfield code="c">2009-.</subfield>
  </datafield>
  <datafield tag="300" ind1=" " ind2=" ">
    <subfield code="a">volumen : </subfield>
    <subfield code="b">ilustraciones, fotograf&#xED;as ; </subfield>
    <subfield code="c">40 cm.</subfield>
  </datafield>
  <datafield tag="310" ind1=" " ind2=" ">
    <subfield code="a">Desconocida.</subfield>
  </datafield>
  <datafield tag="336" ind1=" " ind2=" ">
    <subfield code="a">texto </subfield>
    <subfield code="b">txt </subfield>
    <subfield code="2">rdacontent</subfield>
  </datafield>
  <datafield tag="337" ind1=" " ind2=" ">
    <subfield code="a">sin mediaci&#xF3;n </subfield>
    <subfield code="b">n</subfield>
    <subfield code="2">rdamedia</subfield>
  </datafield>
  <datafield tag="338" ind1=" " ind2=" ">
    <subfield code="a">volumen </subfield>
    <subfield code="b">nc </subfield>
    <subfield code="2">rdacarrier</subfield>
  </datafield>
  <datafield tag="362" ind1=" " ind2=" ">
    <subfield code="a">Octubre 2009.</subfield>
  </datafield>
  <datafield tag="650" ind1=" " ind2="7">
    <subfield code="a">Econom&#xED;a</subfield>
    <subfield code="v">Publicaciones peri&#xF3;dicas </subfield>
    <subfield code="2">lemb</subfield>
    <subfield code="9">88404</subfield>
    <subfield code="z">Rep&#xFA;blica Dominicana</subfield>
  </datafield>
  <datafield tag="650" ind1=" " ind2="7">
    <subfield code="a">Fondo Monetario Internacional (FMI)</subfield>
    <subfield code="v">Publicaciones peri&#xF3;dicas</subfield>
    <subfield code="2">lemb</subfield>
    <subfield code="9">88405</subfield>
    <subfield code="z">Rep&#xFA;blica Dominicana</subfield>
  </datafield>
  <datafield tag="650" ind1=" " ind2="0">
    <subfield code="a">Diarios dominicanos</subfield>
    <subfield code="x">Historia</subfield>
    <subfield code="v">Publicaciones peri&#xF3;dicas</subfield>
    <subfield code="9">1041</subfield>
  </datafield>
  <datafield tag="942" ind1=" " ind2=" ">
    <subfield code="2">ddc</subfield>
    <subfield code="c">ISSUE</subfield>
  </datafield>
  <datafield tag="952" ind1=" " ind2=" ">
    <subfield code="0">0</subfield>
    <subfield code="1">0</subfield>
    <subfield code="2">ddc</subfield>
    <subfield code="4">0</subfield>
    <subfield code="5">6</subfield>
    <subfield code="7">0</subfield>
    <subfield code="8">SE</subfield>
    <subfield code="a">BNPHU</subfield>
    <subfield code="b">BNPHU</subfield>
    <subfield code="d">2025-07-21</subfield>
    <subfield code="h">Octubre 2009</subfield>
    <subfield code="l">0</subfield>
    <subfield code="p">2025-6827</subfield>
    <subfield code="r">2025-07-21</subfield>
    <subfield code="t">e.1</subfield>
    <subfield code="w">2025-07-21</subfield>
    <subfield code="y">ISSUE</subfield>
    <subfield code="z">Los Males Jur&#xE1;sicos.</subfield>
  </datafield>
  <datafield tag="952" ind1=" " ind2=" ">
    <subfield code="0">0</subfield>
    <subfield code="1">0</subfield>
    <subfield code="2">ddc</subfield>
    <subfield code="4">0</subfield>
    <subfield code="5">6</subfield>
    <subfield code="7">0</subfield>
    <subfield code="8">SE</subfield>
    <subfield code="a">BNPHU</subfield>
    <subfield code="b">BNPHU</subfield>
    <subfield code="d">2025-07-21</subfield>
    <subfield code="h">A&#xF1;o 1. N&#xFA;mero 3. diciembre, 2009</subfield>
    <subfield code="l">0</subfield>
    <subfield code="p">2025-6828</subfield>
    <subfield code="r">2025-07-21</subfield>
    <subfield code="t">e.1</subfield>
    <subfield code="w">2025-07-21</subfield>
    <subfield code="y">ISSUE</subfield>
    <subfield code="z">Todas las previsiones.</subfield>
  </datafield>
  <datafield tag="952" ind1=" " ind2=" ">
    <subfield code="0">0</subfield>
    <subfield code="1">0</subfield>
    <subfield code="2">ddc</subfield>
    <subfield code="4">0</subfield>
    <subfield code="5">6</subfield>
    <subfield code="7">0</subfield>
    <subfield code="8">SE</subfield>
    <subfield code="a">BNPHU</subfield>
    <subfield code="b">BNPHU</subfield>
    <subfield code="d">2025-07-21</subfield>
    <subfield code="h">A&#xF1;o 1. N&#xFA;mero 4. enero, 2010</subfield>
    <subfield code="l">0</subfield>
    <subfield code="p">2025-6829</subfield>
    <subfield code="r">2025-07-21</subfield>
    <subfield code="t">e.1</subfield>
    <subfield code="w">2025-07-21</subfield>
    <subfield code="y">ISSUE</subfield>
    <subfield code="z">Preocupa una posible extensi&#xF3;n de la crisis.</subfield>
  </datafield>
  <datafield tag="952" ind1=" " ind2=" ">
    <subfield code="0">0</subfield>
    <subfield code="1">0</subfield>
    <subfield code="2">ddc</subfield>
    <subfield code="4">0</subfield>
    <subfield code="5">6</subfield>
    <subfield code="7">0</subfield>
    <subfield code="8">SE</subfield>
    <subfield code="a">BNPHU</subfield>
    <subfield code="b">BNPHU</subfield>
    <subfield code="d">2025-07-21</subfield>
    <subfield code="h">A&#xF1;o 1. N&#xFA;mero 5. febrero, 2010</subfield>
    <subfield code="l">0</subfield>
    <subfield code="p">2025-6830</subfield>
    <subfield code="r">2025-07-21</subfield>
    <subfield code="t">e.1</subfield>
    <subfield code="w">2025-07-21</subfield>
    <subfield code="y">ISSUE</subfield>
    <subfield code="z">El mercado asi&#xE1;tico sobrevuela a RD.</subfield>
  </datafield>
  <datafield tag="952" ind1=" " ind2=" ">
    <subfield code="0">0</subfield>
    <subfield code="1">0</subfield>
    <subfield code="2">ddc</subfield>
    <subfield code="4">0</subfield>
    <subfield code="5">6</subfield>
    <subfield code="7">0</subfield>
    <subfield code="8">SE</subfield>
    <subfield code="a">BNPHU</subfield>
    <subfield code="b">BNPHU</subfield>
    <subfield code="d">2025-07-21</subfield>
    <subfield code="h">A&#xF1;o 1. N&#xFA;mero 6. marzo, 2010</subfield>
    <subfield code="l">0</subfield>
    <subfield code="p">2025-6831</subfield>
    <subfield code="r">2025-07-21</subfield>
    <subfield code="t">e.1</subfield>
    <subfield code="w">2025-07-21</subfield>
    <subfield code="y">ISSUE</subfield>
    <subfield code="z">Las deudas estatales queman las econom&#xED;as. </subfield>
  </datafield>
  <datafield tag="952" ind1=" " ind2=" ">
    <subfield code="0">0</subfield>
    <subfield code="1">0</subfield>
    <subfield code="2">ddc</subfield>
    <subfield code="4">0</subfield>
    <subfield code="5">6</subfield>
    <subfield code="7">0</subfield>
    <subfield code="8">SE</subfield>
    <subfield code="a">BNPHU</subfield>
    <subfield code="b">BNPHU</subfield>
    <subfield code="d">2025-07-21</subfield>
    <subfield code="h">A&#xF1;o 1. N&#xFA;mero 9. junio, 2010</subfield>
    <subfield code="l">0</subfield>
    <subfield code="p">2025-6832</subfield>
    <subfield code="r">2025-07-21</subfield>
    <subfield code="t">e.1</subfield>
    <subfield code="w">2025-07-21</subfield>
    <subfield code="y">ISSUE</subfield>
    <subfield code="z">El Se&#xF1;or de la luz.</subfield>
  </datafield>
  <datafield tag="952" ind1=" " ind2=" ">
    <subfield code="0">0</subfield>
    <subfield code="1">0</subfield>
    <subfield code="2">ddc</subfield>
    <subfield code="4">0</subfield>
    <subfield code="5">6</subfield>
    <subfield code="7">0</subfield>
    <subfield code="8">SE</subfield>
    <subfield code="a">BNPHU</subfield>
    <subfield code="b">BNPHU</subfield>
    <subfield code="d">2025-07-21</subfield>
    <subfield code="h">A&#xF1;o 1. N&#xFA;mero 10. julio, 2010</subfield>
    <subfield code="l">0</subfield>
    <subfield code="p">2025-6833</subfield>
    <subfield code="r">2025-07-21</subfield>
    <subfield code="t">e.1</subfield>
    <subfield code="w">2025-07-21</subfield>
    <subfield code="y">ISSUE</subfield>
    <subfield code="z">&#xBF;Podr&#xED;a ser RD Ciberatacada?</subfield>
  </datafield>
  <datafield tag="952" ind1=" " ind2=" ">
    <subfield code="0">0</subfield>
    <subfield code="1">0</subfield>
    <subfield code="2">ddc</subfield>
    <subfield code="4">0</subfield>
    <subfield code="5">6</subfield>
    <subfield code="7">0</subfield>
    <subfield code="8">SE</subfield>
    <subfield code="a">BNPHU</subfield>
    <subfield code="b">BNPHU</subfield>
    <subfield code="d">2025-07-21</subfield>
    <subfield code="h">A&#xF1;o 1. N&#xFA;mero 11. agosto, 2010</subfield>
    <subfield code="l">0</subfield>
    <subfield code="p">2025-6834</subfield>
    <subfield code="r">2025-07-21</subfield>
    <subfield code="t">e.1</subfield>
    <subfield code="w">2025-07-21</subfield>
    <subfield code="y">ISSUE</subfield>
    <subfield code="z">RD a remolque del comercio mundial.</subfield>
  </datafield>
  <datafield tag="952" ind1=" " ind2=" ">
    <subfield code="0">0</subfield>
    <subfield code="1">0</subfield>
    <subfield code="2">ddc</subfield>
    <subfield code="4">0</subfield>
    <subfield code="5">6</subfield>
    <subfield code="7">0</subfield>
    <subfield code="8">SE</subfield>
    <subfield code="a">BNPHU</subfield>
    <subfield code="b">BNPHU</subfield>
    <subfield code="d">2025-07-21</subfield>
    <subfield code="h">A&#xF1;o 1. N&#xFA;mero 12. septiembre, 2010</subfield>
    <subfield code="l">0</subfield>
    <subfield code="p">2025-6835</subfield>
    <subfield code="r">2025-07-21</subfield>
    <subfield code="t">e.1</subfield>
    <subfield code="w">2025-07-21</subfield>
    <subfield code="y">ISSUE</subfield>
    <subfield code="z">Se agota el modelo econ&#xF3;mico de RD.</subfield>
  </datafield>
  <datafield tag="952" ind1=" " ind2=" ">
    <subfield code="0">0</subfield>
    <subfield code="1">0</subfield>
    <subfield code="2">ddc</subfield>
    <subfield code="4">0</subfield>
    <subfield code="5">6</subfield>
    <subfield code="7">0</subfield>
    <subfield code="8">SE</subfield>
    <subfield code="a">BNPHU</subfield>
    <subfield code="b">BNPHU</subfield>
    <subfield code="d">2025-07-21</subfield>
    <subfield code="h">A&#xF1;o 2. N&#xFA;mero 13. octubre, 2010</subfield>
    <subfield code="l">0</subfield>
    <subfield code="p">2025-6836</subfield>
    <subfield code="r">2025-07-21</subfield>
    <subfield code="t">e.1</subfield>
    <subfield code="w">2025-07-21</subfield>
    <subfield code="y">ISSUE</subfield>
    <subfield code="z">Restructuring: salvaci&#xF3;n en Rep&#xFA;blica Dominicana. </subfield>
  </datafield>
  <datafield tag="952" ind1=" " ind2=" ">
    <subfield code="0">0</subfield>
    <subfield code="1">0</subfield>
    <subfield code="2">ddc</subfield>
    <subfield code="4">0</subfield>
    <subfield code="5">6</subfield>
    <subfield code="7">0</subfield>
    <subfield code="8">SE</subfield>
    <subfield code="a">BNPHU</subfield>
    <subfield code="b">BNPHU</subfield>
    <subfield code="d">2025-07-21</subfield>
    <subfield code="h">A&#xF1;o 3. N&#xFA;mero 32. mayo, 2012</subfield>
    <subfield code="l">0</subfield>
    <subfield code="p">2025-6837</subfield>
    <subfield code="r">2025-07-21</subfield>
    <subfield code="t">e.1</subfield>
    <subfield code="w">2025-07-21</subfield>
    <subfield code="y">ISSUE</subfield>
    <subfield code="z">El poder financiero de Latinoam&#xE9;rica y RD.</subfield>
  </datafield>
  <datafield tag="952" ind1=" " ind2=" ">
    <subfield code="0">0</subfield>
    <subfield code="1">0</subfield>
    <subfield code="2">ddc</subfield>
    <subfield code="4">0</subfield>
    <subfield code="5">6</subfield>
    <subfield code="7">0</subfield>
    <subfield code="8">SE</subfield>
    <subfield code="a">BNPHU</subfield>
    <subfield code="b">BNPHU</subfield>
    <subfield code="d">2025-07-21</subfield>
    <subfield code="h">A&#xF1;o 3. N&#xFA;mero 32. mayo, 2012</subfield>
    <subfield code="l">0</subfield>
    <subfield code="p">2025-6838</subfield>
    <subfield code="r">2025-07-21</subfield>
    <subfield code="t">e.2</subfield>
    <subfield code="w">2025-07-21</subfield>
    <subfield code="y">ISSUE</subfield>
    <subfield code="z">El poder financiero de Latinoam&#xE9;rica y RD.</subfield>
  </datafield>
  <datafield tag="952" ind1=" " ind2=" ">
    <subfield code="0">0</subfield>
    <subfield code="1">0</subfield>
    <subfield code="2">ddc</subfield>
    <subfield code="4">0</subfield>
    <subfield code="5">6</subfield>
    <subfield code="7">0</subfield>
    <subfield code="8">SE</subfield>
    <subfield code="a">BNPHU</subfield>
    <subfield code="b">BNPHU</subfield>
    <subfield code="d">2025-07-21</subfield>
    <subfield code="h">A&#xF1;o 3. N&#xFA;mero 33. junio, 2012</subfield>
    <subfield code="l">0</subfield>
    <subfield code="p">2025-6839</subfield>
    <subfield code="r">2025-07-21</subfield>
    <subfield code="t">e.1</subfield>
    <subfield code="w">2025-07-21</subfield>
    <subfield code="y">ISSUE</subfield>
    <subfield code="z">Mercado de Valores de RD: los n&#xFA;meros cantan.</subfield>
  </datafield>
  <datafield tag="952" ind1=" " ind2=" ">
    <subfield code="0">0</subfield>
    <subfield code="1">0</subfield>
    <subfield code="2">ddc</subfield>
    <subfield code="4">0</subfield>
    <subfield code="5">6</subfield>
    <subfield code="7">0</subfield>
    <subfield code="8">SE</subfield>
    <subfield code="a">BNPHU</subfield>
    <subfield code="b">BNPHU</subfield>
    <subfield code="d">2025-07-21</subfield>
    <subfield code="h">A&#xF1;o 3. N&#xFA;mero 33. junio, 2012</subfield>
    <subfield code="l">0</subfield>
    <subfield code="p">2025-6840</subfield>
    <subfield code="r">2025-07-21</subfield>
    <subfield code="t">e.2</subfield>
    <subfield code="w">2025-07-21</subfield>
    <subfield code="y">ISSUE</subfield>
    <subfield code="z">Mercado de Valores de RD: los n&#xFA;meros cantan.</subfield>
  </datafield>
  <datafield tag="952" ind1=" " ind2=" ">
    <subfield code="0">0</subfield>
    <subfield code="1">0</subfield>
    <subfield code="2">ddc</subfield>
    <subfield code="4">0</subfield>
    <subfield code="5">6</subfield>
    <subfield code="7">0</subfield>
    <subfield code="8">SE</subfield>
    <subfield code="a">BNPHU</subfield>
    <subfield code="b">BNPHU</subfield>
    <subfield code="d">2025-07-21</subfield>
    <subfield code="h">A&#xF1;o 3. N&#xFA;mero 34. julio, 2012</subfield>
    <subfield code="l">0</subfield>
    <subfield code="p">2025-6841</subfield>
    <subfield code="r">2025-07-21</subfield>
    <subfield code="t">e.1</subfield>
    <subfield code="w">2025-07-21</subfield>
    <subfield code="y">ISSUE</subfield>
    <subfield code="z">El reto de la infraestructura en Rep&#xFA;blica Dominicana.</subfield>
  </datafield>
  <datafield tag="952" ind1=" " ind2=" ">
    <subfield code="0">0</subfield>
    <subfield code="1">0</subfield>
    <subfield code="2">ddc</subfield>
    <subfield code="4">0</subfield>
    <subfield code="5">6</subfield>
    <subfield code="7">0</subfield>
    <subfield code="8">SE</subfield>
    <subfield code="a">BNPHU</subfield>
    <subfield code="b">BNPHU</subfield>
    <subfield code="d">2025-07-21</subfield>
    <subfield code="h">A&#xF1;o 3. N&#xFA;mero 34. julio, 2012</subfield>
    <subfield code="l">0</subfield>
    <subfield code="p">2025-6842</subfield>
    <subfield code="r">2025-07-21</subfield>
    <subfield code="t">e.2</subfield>
    <subfield code="w">2025-07-21</subfield>
    <subfield code="y">ISSUE</subfield>
    <subfield code="z">El reto de la infraestructura en Rep&#xFA;blica Dominicana.</subfield>
  </datafield>
  <datafield tag="952" ind1=" " ind2=" ">
    <subfield code="0">0</subfield>
    <subfield code="1">0</subfield>
    <subfield code="2">ddc</subfield>
    <subfield code="4">0</subfield>
    <subfield code="5">6</subfield>
    <subfield code="7">0</subfield>
    <subfield code="8">SE</subfield>
    <subfield code="a">BNPHU</subfield>
    <subfield code="b">BNPHU</subfield>
    <subfield code="d">2025-07-21</subfield>
    <subfield code="h">A&#xF1;o 2. N&#xFA;mero 35. agosto, 2012</subfield>
    <subfield code="l">0</subfield>
    <subfield code="p">2025-6843</subfield>
    <subfield code="r">2025-07-21</subfield>
    <subfield code="t">e.1</subfield>
    <subfield code="w">2025-07-21</subfield>
    <subfield code="y">ISSUE</subfield>
    <subfield code="z">Principios de crecimiento, gasto y deuda.</subfield>
  </datafield>
  <datafield tag="952" ind1=" " ind2=" ">
    <subfield code="0">0</subfield>
    <subfield code="1">0</subfield>
    <subfield code="2">ddc</subfield>
    <subfield code="4">0</subfield>
    <subfield code="5">6</subfield>
    <subfield code="7">0</subfield>
    <subfield code="8">SE</subfield>
    <subfield code="a">BNPHU</subfield>
    <subfield code="b">BNPHU</subfield>
    <subfield code="d">2025-07-21</subfield>
    <subfield code="h">A&#xF1;o 2. N&#xFA;mero 35. agosto, 2012</subfield>
    <subfield code="l">0</subfield>
    <subfield code="p">2025-6844</subfield>
    <subfield code="r">2025-07-21</subfield>
    <subfield code="t">e.2</subfield>
    <subfield code="w">2025-07-21</subfield>
    <subfield code="y">ISSUE</subfield>
    <subfield code="z">Principios de crecimiento, gasto y deuda.</subfield>
  </datafield>
  <datafield tag="952" ind1=" " ind2=" ">
    <subfield code="0">0</subfield>
    <subfield code="1">0</subfield>
    <subfield code="2">ddc</subfield>
    <subfield code="4">0</subfield>
    <subfield code="5">6</subfield>
    <subfield code="7">0</subfield>
    <subfield code="8">SE</subfield>
    <subfield code="a">BNPHU</subfield>
    <subfield code="b">BNPHU</subfield>
    <subfield code="d">2025-07-21</subfield>
    <subfield code="h">A&#xF1;o 2. N&#xFA;mero 36. septiembre, 2012</subfield>
    <subfield code="l">0</subfield>
    <subfield code="p">2025-6845</subfield>
    <subfield code="r">2025-07-21</subfield>
    <subfield code="t">e.1</subfield>
    <subfield code="w">2025-07-21</subfield>
    <subfield code="y">ISSUE</subfield>
    <subfield code="z">"Miramos la presi&#xF3;n fiscal en un 13%, cuando en realidad es de 20%".</subfield>
  </datafield>
  <datafield tag="952" ind1=" " ind2=" ">
    <subfield code="0">0</subfield>
    <subfield code="1">0</subfield>
    <subfield code="2">ddc</subfield>
    <subfield code="4">0</subfield>
    <subfield code="5">6</subfield>
    <subfield code="7">0</subfield>
    <subfield code="8">SE</subfield>
    <subfield code="a">BNPHU</subfield>
    <subfield code="b">BNPHU</subfield>
    <subfield code="d">2025-07-21</subfield>
    <subfield code="h">A&#xF1;o 2. N&#xFA;mero 36. septiembre, 2012</subfield>
    <subfield code="l">0</subfield>
    <subfield code="p">2025-6846</subfield>
    <subfield code="r">2025-07-21</subfield>
    <subfield code="t">e.2</subfield>
    <subfield code="w">2025-07-21</subfield>
    <subfield code="y">ISSUE</subfield>
    <subfield code="z">"Miramos la presi&#xF3;n fiscal en un 13%, cuando en realidad es de 20%".</subfield>
  </datafield>
  <datafield tag="952" ind1=" " ind2=" ">
    <subfield code="0">0</subfield>
    <subfield code="1">0</subfield>
    <subfield code="2">ddc</subfield>
    <subfield code="4">0</subfield>
    <subfield code="5">6</subfield>
    <subfield code="7">0</subfield>
    <subfield code="8">SE</subfield>
    <subfield code="a">BNPHU</subfield>
    <subfield code="b">BNPHU</subfield>
    <subfield code="d">2025-07-21</subfield>
    <subfield code="h">A&#xF1;o 3. N&#xFA;mero 38. noviembre, 2012</subfield>
    <subfield code="l">0</subfield>
    <subfield code="p">2025-6847</subfield>
    <subfield code="r">2025-07-21</subfield>
    <subfield code="t">e.1</subfield>
    <subfield code="w">2025-07-21</subfield>
    <subfield code="y">ISSUE</subfield>
    <subfield code="z">FMI: Ajustes fiscales en crisis requieren reformas estructurales.</subfield>
  </datafield>
  <datafield tag="952" ind1=" " ind2=" ">
    <subfield code="0">0</subfield>
    <subfield code="1">0</subfield>
    <subfield code="2">ddc</subfield>
    <subfield code="4">0</subfield>
    <subfield code="5">6</subfield>
    <subfield code="7">0</subfield>
    <subfield code="8">SE</subfield>
    <subfield code="a">BNPHU</subfield>
    <subfield code="b">BNPHU</subfield>
    <subfield code="d">2025-07-21</subfield>
    <subfield code="h">A&#xF1;o 3. N&#xFA;mero 38. noviembre, 2012</subfield>
    <subfield code="l">0</subfield>
    <subfield code="p">2025-6848</subfield>
    <subfield code="r">2025-07-21</subfield>
    <subfield code="t">e.2</subfield>
    <subfield code="w">2025-07-21</subfield>
    <subfield code="y">ISSUE</subfield>
    <subfield code="z">FMI: Ajustes fiscales en crisis requieren reformas estructurales.</subfield>
  </datafield>
  <datafield tag="952" ind1=" " ind2=" ">
    <subfield code="0">0</subfield>
    <subfield code="1">0</subfield>
    <subfield code="2">ddc</subfield>
    <subfield code="4">0</subfield>
    <subfield code="5">6</subfield>
    <subfield code="7">0</subfield>
    <subfield code="8">SE</subfield>
    <subfield code="a">BNPHU</subfield>
    <subfield code="b">BNPHU</subfield>
    <subfield code="d">2025-07-21</subfield>
    <subfield code="h">A&#xF1;o 3. N&#xFA;mero 39. diciembre, 2012</subfield>
    <subfield code="l">0</subfield>
    <subfield code="p">2025-6849</subfield>
    <subfield code="r">2025-07-21</subfield>
    <subfield code="t">e.1</subfield>
    <subfield code="w">2025-07-21</subfield>
    <subfield code="y">ISSUE</subfield>
    <subfield code="z">Todas las previsiones. </subfield>
  </datafield>
  <datafield tag="952" ind1=" " ind2=" ">
    <subfield code="0">0</subfield>
    <subfield code="1">0</subfield>
    <subfield code="2">ddc</subfield>
    <subfield code="4">0</subfield>
    <subfield code="5">6</subfield>
    <subfield code="7">0</subfield>
    <subfield code="8">SE</subfield>
    <subfield code="a">BNPHU</subfield>
    <subfield code="b">BNPHU</subfield>
    <subfield code="d">2025-07-21</subfield>
    <subfield code="h">A&#xF1;o 3. N&#xFA;mero 39. diciembre, 2012</subfield>
    <subfield code="l">0</subfield>
    <subfield code="p">2025-6850</subfield>
    <subfield code="r">2025-07-21</subfield>
    <subfield code="t">e.2</subfield>
    <subfield code="w">2025-07-21</subfield>
    <subfield code="y">ISSUE</subfield>
    <subfield code="z">Todas las previsiones. </subfield>
  </datafield>
  <datafield tag="952" ind1=" " ind2=" ">
    <subfield code="0">0</subfield>
    <subfield code="1">0</subfield>
    <subfield code="2">ddc</subfield>
    <subfield code="4">0</subfield>
    <subfield code="5">6</subfield>
    <subfield code="7">0</subfield>
    <subfield code="8">SE</subfield>
    <subfield code="a">BNPHU</subfield>
    <subfield code="b">BNPHU</subfield>
    <subfield code="d">2025-07-21</subfield>
    <subfield code="h">A&#xF1;o 3. N&#xFA;mero 40. enero, 2013</subfield>
    <subfield code="l">0</subfield>
    <subfield code="p">2025-6851</subfield>
    <subfield code="r">2025-07-21</subfield>
    <subfield code="t">e.1</subfield>
    <subfield code="w">2025-07-21</subfield>
    <subfield code="y">ISSUE</subfield>
    <subfield code="z">En 2013 m&#xE1;s empresas dominicanas buscar&#xE1;n financiarse a trav&#xE9;s del Mercado de Valores.</subfield>
  </datafield>
  <datafield tag="952" ind1=" " ind2=" ">
    <subfield code="0">0</subfield>
    <subfield code="1">0</subfield>
    <subfield code="2">ddc</subfield>
    <subfield code="4">0</subfield>
    <subfield code="5">6</subfield>
    <subfield code="7">0</subfield>
    <subfield code="8">SE</subfield>
    <subfield code="a">BNPHU</subfield>
    <subfield code="b">BNPHU</subfield>
    <subfield code="d">2025-07-21</subfield>
    <subfield code="h">A&#xF1;o 3. N&#xFA;mero 40. enero, 2013</subfield>
    <subfield code="l">0</subfield>
    <subfield code="p">2025-6852</subfield>
    <subfield code="r">2025-07-21</subfield>
    <subfield code="t">e.2</subfield>
    <subfield code="w">2025-07-21</subfield>
    <subfield code="y">ISSUE</subfield>
    <subfield code="z">En 2013 m&#xE1;s empresas dominicanas buscar&#xE1;n financiarse a trav&#xE9;s del Mercado de Valores.</subfield>
  </datafield>
  <datafield tag="952" ind1=" " ind2=" ">
    <subfield code="0">0</subfield>
    <subfield code="1">0</subfield>
    <subfield code="2">ddc</subfield>
    <subfield code="4">0</subfield>
    <subfield code="5">6</subfield>
    <subfield code="7">0</subfield>
    <subfield code="8">SE</subfield>
    <subfield code="a">BNPHU</subfield>
    <subfield code="b">BNPHU</subfield>
    <subfield code="d">2025-07-21</subfield>
    <subfield code="h">A&#xF1;o 3. N&#xFA;mero 41. febrero, 2013</subfield>
    <subfield code="l">0</subfield>
    <subfield code="p">2025-6853</subfield>
    <subfield code="r">2025-07-21</subfield>
    <subfield code="t">e.1</subfield>
    <subfield code="w">2025-07-21</subfield>
    <subfield code="y">ISSUE</subfield>
    <subfield code="z">Ley de apoyo fronterizo: Lucha por desigualdades.</subfield>
  </datafield>
  <datafield tag="952" ind1=" " ind2=" ">
    <subfield code="0">0</subfield>
    <subfield code="1">0</subfield>
    <subfield code="2">ddc</subfield>
    <subfield code="4">0</subfield>
    <subfield code="5">6</subfield>
    <subfield code="7">0</subfield>
    <subfield code="8">SE</subfield>
    <subfield code="a">BNPHU</subfield>
    <subfield code="b">BNPHU</subfield>
    <subfield code="d">2025-07-21</subfield>
    <subfield code="h">A&#xF1;o 3. N&#xFA;mero 41. febrero, 2013</subfield>
    <subfield code="l">0</subfield>
    <subfield code="p">2025-6854</subfield>
    <subfield code="r">2025-07-21</subfield>
    <subfield code="t">e.2</subfield>
    <subfield code="w">2025-07-21</subfield>
    <subfield code="y">ISSUE</subfield>
    <subfield code="z">Ley de apoyo fronterizo: Lucha por desigualdades.</subfield>
  </datafield>
  <datafield tag="952" ind1=" " ind2=" ">
    <subfield code="0">0</subfield>
    <subfield code="1">0</subfield>
    <subfield code="2">ddc</subfield>
    <subfield code="4">0</subfield>
    <subfield code="5">6</subfield>
    <subfield code="7">0</subfield>
    <subfield code="8">SE</subfield>
    <subfield code="a">BNPHU</subfield>
    <subfield code="b">BNPHU</subfield>
    <subfield code="d">2025-07-21</subfield>
    <subfield code="h">A&#xF1;o 4. N&#xFA;mero 42. marzo, 2013</subfield>
    <subfield code="l">0</subfield>
    <subfield code="p">2025-6855</subfield>
    <subfield code="r">2025-07-21</subfield>
    <subfield code="t">e.1</subfield>
    <subfield code="w">2025-07-21</subfield>
    <subfield code="y">ISSUE</subfield>
    <subfield code="z">El C&#xF3;digo Tributario y las empresas extranjeras.</subfield>
  </datafield>
  <datafield tag="952" ind1=" " ind2=" ">
    <subfield code="0">0</subfield>
    <subfield code="1">0</subfield>
    <subfield code="2">ddc</subfield>
    <subfield code="4">0</subfield>
    <subfield code="5">6</subfield>
    <subfield code="7">0</subfield>
    <subfield code="8">SE</subfield>
    <subfield code="a">BNPHU</subfield>
    <subfield code="b">BNPHU</subfield>
    <subfield code="d">2025-07-21</subfield>
    <subfield code="h">A&#xF1;o 4. N&#xFA;mero 42. marzo, 2013</subfield>
    <subfield code="l">0</subfield>
    <subfield code="p">2025-6856</subfield>
    <subfield code="r">2025-07-21</subfield>
    <subfield code="t">e.2</subfield>
    <subfield code="w">2025-07-21</subfield>
    <subfield code="y">ISSUE</subfield>
    <subfield code="z">El C&#xF3;digo Tributario y las empresas extranjeras.</subfield>
  </datafield>
  <datafield tag="952" ind1=" " ind2=" ">
    <subfield code="0">0</subfield>
    <subfield code="1">0</subfield>
    <subfield code="2">ddc</subfield>
    <subfield code="4">0</subfield>
    <subfield code="5">6</subfield>
    <subfield code="7">0</subfield>
    <subfield code="8">SE</subfield>
    <subfield code="a">BNPHU</subfield>
    <subfield code="b">BNPHU</subfield>
    <subfield code="d">2025-07-21</subfield>
    <subfield code="h">A&#xF1;o 4. N&#xFA;mero 43. abril, 2013</subfield>
    <subfield code="l">0</subfield>
    <subfield code="p">2025-6857</subfield>
    <subfield code="r">2025-07-21</subfield>
    <subfield code="t">e.1</subfield>
    <subfield code="w">2025-07-21</subfield>
    <subfield code="y">ISSUE</subfield>
    <subfield code="z">Desempleo juvenil necesita de una estrategia integral.</subfield>
  </datafield>
  <datafield tag="952" ind1=" " ind2=" ">
    <subfield code="0">0</subfield>
    <subfield code="1">0</subfield>
    <subfield code="2">ddc</subfield>
    <subfield code="4">0</subfield>
    <subfield code="5">6</subfield>
    <subfield code="7">0</subfield>
    <subfield code="8">SE</subfield>
    <subfield code="a">BNPHU</subfield>
    <subfield code="b">BNPHU</subfield>
    <subfield code="d">2025-07-21</subfield>
    <subfield code="h">A&#xF1;o 4. N&#xFA;mero 43. abril, 2013</subfield>
    <subfield code="l">0</subfield>
    <subfield code="p">2025-6858</subfield>
    <subfield code="r">2025-07-21</subfield>
    <subfield code="t">e.2</subfield>
    <subfield code="w">2025-07-21</subfield>
    <subfield code="y">ISSUE</subfield>
    <subfield code="z">Desempleo juvenil necesita de una estrategia integral.</subfield>
  </datafield>
  <datafield tag="952" ind1=" " ind2=" ">
    <subfield code="0">0</subfield>
    <subfield code="1">0</subfield>
    <subfield code="2">ddc</subfield>
    <subfield code="4">0</subfield>
    <subfield code="5">6</subfield>
    <subfield code="7">0</subfield>
    <subfield code="8">SE</subfield>
    <subfield code="a">BNPHU</subfield>
    <subfield code="b">BNPHU</subfield>
    <subfield code="d">2025-07-21</subfield>
    <subfield code="h">A&#xF1;o 4. N&#xFA;mero 44. mayo, 2013</subfield>
    <subfield code="l">0</subfield>
    <subfield code="p">2025-6859</subfield>
    <subfield code="r">2025-07-21</subfield>
    <subfield code="t">e.1</subfield>
    <subfield code="w">2025-07-21</subfield>
    <subfield code="y">ISSUE</subfield>
    <subfield code="z">El consumo de carb&#xF3;n sigue aumentando en el mundo.</subfield>
  </datafield>
  <datafield tag="952" ind1=" " ind2=" ">
    <subfield code="0">0</subfield>
    <subfield code="1">0</subfield>
    <subfield code="2">ddc</subfield>
    <subfield code="4">0</subfield>
    <subfield code="5">6</subfield>
    <subfield code="7">0</subfield>
    <subfield code="8">SE</subfield>
    <subfield code="a">BNPHU</subfield>
    <subfield code="b">BNPHU</subfield>
    <subfield code="d">2025-07-21</subfield>
    <subfield code="h">A&#xF1;o 4. N&#xFA;mero 44. mayo, 2013</subfield>
    <subfield code="l">0</subfield>
    <subfield code="p">2025-6860</subfield>
    <subfield code="r">2025-07-21</subfield>
    <subfield code="t">e.2</subfield>
    <subfield code="w">2025-07-21</subfield>
    <subfield code="y">ISSUE</subfield>
    <subfield code="z">El consumo de carb&#xF3;n sigue aumentando en el mundo.</subfield>
  </datafield>
  <datafield tag="952" ind1=" " ind2=" ">
    <subfield code="0">0</subfield>
    <subfield code="1">0</subfield>
    <subfield code="2">ddc</subfield>
    <subfield code="4">0</subfield>
    <subfield code="5">6</subfield>
    <subfield code="7">0</subfield>
    <subfield code="8">SE</subfield>
    <subfield code="a">BNPHU</subfield>
    <subfield code="b">BNPHU</subfield>
    <subfield code="d">2025-07-21</subfield>
    <subfield code="h">A&#xF1;o 4. N&#xFA;mero 45. junio, 2013</subfield>
    <subfield code="l">0</subfield>
    <subfield code="p">2025-6861</subfield>
    <subfield code="r">2025-07-21</subfield>
    <subfield code="t">e.1</subfield>
    <subfield code="w">2025-07-21</subfield>
    <subfield code="y">ISSUE</subfield>
    <subfield code="z">La f&#xF3;rmula responsable de la moderna civilizaci&#xF3;n. </subfield>
  </datafield>
  <datafield tag="952" ind1=" " ind2=" ">
    <subfield code="0">0</subfield>
    <subfield code="1">0</subfield>
    <subfield code="2">ddc</subfield>
    <subfield code="4">0</subfield>
    <subfield code="5">6</subfield>
    <subfield code="7">0</subfield>
    <subfield code="8">SE</subfield>
    <subfield code="a">BNPHU</subfield>
    <subfield code="b">BNPHU</subfield>
    <subfield code="d">2025-07-21</subfield>
    <subfield code="h">A&#xF1;o 4. N&#xFA;mero 45. junio, 2013</subfield>
    <subfield code="l">0</subfield>
    <subfield code="p">2025-6862</subfield>
    <subfield code="r">2025-07-21</subfield>
    <subfield code="t">e.2</subfield>
    <subfield code="w">2025-07-21</subfield>
    <subfield code="y">ISSUE</subfield>
    <subfield code="z">La f&#xF3;rmula responsable de la moderna civilizaci&#xF3;n. </subfield>
  </datafield>
  <datafield tag="952" ind1=" " ind2=" ">
    <subfield code="0">0</subfield>
    <subfield code="1">0</subfield>
    <subfield code="2">ddc</subfield>
    <subfield code="4">0</subfield>
    <subfield code="5">6</subfield>
    <subfield code="7">0</subfield>
    <subfield code="8">SE</subfield>
    <subfield code="a">BNPHU</subfield>
    <subfield code="b">BNPHU</subfield>
    <subfield code="d">2025-07-21</subfield>
    <subfield code="h">A&#xF1;o 4. N&#xFA;mero 46. julio, 2013</subfield>
    <subfield code="l">0</subfield>
    <subfield code="p">2025-6863</subfield>
    <subfield code="r">2025-07-21</subfield>
    <subfield code="t">e.1</subfield>
    <subfield code="w">2025-07-21</subfield>
    <subfield code="y">ISSUE</subfield>
    <subfield code="z">C&#xF3;mo se perfilaci&#xF3;n los gobiernos del futuro.</subfield>
  </datafield>
  <datafield tag="952" ind1=" " ind2=" ">
    <subfield code="0">0</subfield>
    <subfield code="1">0</subfield>
    <subfield code="2">ddc</subfield>
    <subfield code="4">0</subfield>
    <subfield code="5">6</subfield>
    <subfield code="7">0</subfield>
    <subfield code="8">SE</subfield>
    <subfield code="a">BNPHU</subfield>
    <subfield code="b">BNPHU</subfield>
    <subfield code="d">2025-07-21</subfield>
    <subfield code="h">A&#xF1;o 4. N&#xFA;mero 46. julio, 2013</subfield>
    <subfield code="l">0</subfield>
    <subfield code="p">2025-6864</subfield>
    <subfield code="r">2025-07-21</subfield>
    <subfield code="t">e.2</subfield>
    <subfield code="w">2025-07-21</subfield>
    <subfield code="y">ISSUE</subfield>
    <subfield code="z">C&#xF3;mo se perfilaci&#xF3;n los gobiernos del futuro.</subfield>
  </datafield>
  <datafield tag="952" ind1=" " ind2=" ">
    <subfield code="0">0</subfield>
    <subfield code="1">0</subfield>
    <subfield code="2">ddc</subfield>
    <subfield code="4">0</subfield>
    <subfield code="5">6</subfield>
    <subfield code="7">0</subfield>
    <subfield code="8">SE</subfield>
    <subfield code="a">BNPHU</subfield>
    <subfield code="b">BNPHU</subfield>
    <subfield code="d">2025-07-21</subfield>
    <subfield code="h">A&#xF1;o 4. N&#xFA;mero 47. agosto, 2013</subfield>
    <subfield code="l">0</subfield>
    <subfield code="p">2025-6865</subfield>
    <subfield code="r">2025-07-21</subfield>
    <subfield code="t">e.1</subfield>
    <subfield code="w">2025-07-21</subfield>
    <subfield code="y">ISSUE</subfield>
    <subfield code="z">&#xBF;Deben ponerse l&#xED;mites a la transparencia?.</subfield>
  </datafield>
  <datafield tag="952" ind1=" " ind2=" ">
    <subfield code="0">0</subfield>
    <subfield code="1">0</subfield>
    <subfield code="2">ddc</subfield>
    <subfield code="4">0</subfield>
    <subfield code="5">6</subfield>
    <subfield code="7">0</subfield>
    <subfield code="8">SE</subfield>
    <subfield code="a">BNPHU</subfield>
    <subfield code="b">BNPHU</subfield>
    <subfield code="d">2025-07-21</subfield>
    <subfield code="h">A&#xF1;o 4. N&#xFA;mero 47. agosto, 2013</subfield>
    <subfield code="l">0</subfield>
    <subfield code="p">2025-6866</subfield>
    <subfield code="r">2025-07-21</subfield>
    <subfield code="t">e.2</subfield>
    <subfield code="w">2025-07-21</subfield>
    <subfield code="y">ISSUE</subfield>
    <subfield code="z">&#xBF;Deben ponerse l&#xED;mites a la transparencia?.</subfield>
  </datafield>
  <datafield tag="952" ind1=" " ind2=" ">
    <subfield code="0">0</subfield>
    <subfield code="1">0</subfield>
    <subfield code="2">ddc</subfield>
    <subfield code="4">0</subfield>
    <subfield code="5">6</subfield>
    <subfield code="7">0</subfield>
    <subfield code="8">SE</subfield>
    <subfield code="a">BNPHU</subfield>
    <subfield code="b">BNPHU</subfield>
    <subfield code="d">2025-07-21</subfield>
    <subfield code="h">A&#xF1;o 4. N&#xFA;mero 48. septiembre, 2013</subfield>
    <subfield code="l">0</subfield>
    <subfield code="p">2025-6867</subfield>
    <subfield code="r">2025-07-21</subfield>
    <subfield code="t">e.1</subfield>
    <subfield code="w">2025-07-21</subfield>
    <subfield code="y">ISSUE</subfield>
    <subfield code="z">El tipo de cambio relega las metas de inflaci&#xF3;n. </subfield>
  </datafield>
  <datafield tag="952" ind1=" " ind2=" ">
    <subfield code="0">0</subfield>
    <subfield code="1">0</subfield>
    <subfield code="2">ddc</subfield>
    <subfield code="4">0</subfield>
    <subfield code="5">6</subfield>
    <subfield code="7">0</subfield>
    <subfield code="8">SE</subfield>
    <subfield code="a">BNPHU</subfield>
    <subfield code="b">BNPHU</subfield>
    <subfield code="d">2025-07-21</subfield>
    <subfield code="h">A&#xF1;o 4. N&#xFA;mero 48. septiembre, 2013</subfield>
    <subfield code="l">0</subfield>
    <subfield code="p">2025-6868</subfield>
    <subfield code="r">2025-07-21</subfield>
    <subfield code="t">e.2</subfield>
    <subfield code="w">2025-07-21</subfield>
    <subfield code="y">ISSUE</subfield>
    <subfield code="z">El tipo de cambio relega las metas de inflaci&#xF3;n. </subfield>
  </datafield>
  <datafield tag="952" ind1=" " ind2=" ">
    <subfield code="0">0</subfield>
    <subfield code="1">0</subfield>
    <subfield code="2">ddc</subfield>
    <subfield code="4">0</subfield>
    <subfield code="5">6</subfield>
    <subfield code="7">0</subfield>
    <subfield code="8">SE</subfield>
    <subfield code="a">BNPHU</subfield>
    <subfield code="b">BNPHU</subfield>
    <subfield code="d">2025-07-21</subfield>
    <subfield code="h">A&#xF1;o 4. N&#xFA;mero 49. octubre, 2013</subfield>
    <subfield code="l">0</subfield>
    <subfield code="p">2025-6869</subfield>
    <subfield code="r">2025-07-21</subfield>
    <subfield code="t">e.1</subfield>
    <subfield code="w">2025-07-21</subfield>
    <subfield code="y">ISSUE</subfield>
    <subfield code="z">Diez tendencias que definir&#xE1;n la econom&#xED;a internacional.</subfield>
  </datafield>
  <datafield tag="952" ind1=" " ind2=" ">
    <subfield code="0">0</subfield>
    <subfield code="1">0</subfield>
    <subfield code="2">ddc</subfield>
    <subfield code="4">0</subfield>
    <subfield code="5">6</subfield>
    <subfield code="7">0</subfield>
    <subfield code="8">SE</subfield>
    <subfield code="a">BNPHU</subfield>
    <subfield code="b">BNPHU</subfield>
    <subfield code="d">2025-07-21</subfield>
    <subfield code="h">A&#xF1;o 4. N&#xFA;mero 49. octubre, 2013</subfield>
    <subfield code="l">0</subfield>
    <subfield code="p">2025-6870</subfield>
    <subfield code="r">2025-07-21</subfield>
    <subfield code="t">e.2</subfield>
    <subfield code="w">2025-07-21</subfield>
    <subfield code="y">ISSUE</subfield>
    <subfield code="z">Diez tendencias que definir&#xE1;n la econom&#xED;a internacional.</subfield>
  </datafield>
  <datafield tag="952" ind1=" " ind2=" ">
    <subfield code="0">0</subfield>
    <subfield code="1">0</subfield>
    <subfield code="2">ddc</subfield>
    <subfield code="4">0</subfield>
    <subfield code="5">6</subfield>
    <subfield code="7">0</subfield>
    <subfield code="8">SE</subfield>
    <subfield code="a">BNPHU</subfield>
    <subfield code="b">BNPHU</subfield>
    <subfield code="d">2025-07-21</subfield>
    <subfield code="h">A&#xF1;o 4. N&#xFA;mero 50. noviembre, 2013</subfield>
    <subfield code="l">0</subfield>
    <subfield code="p">2025-6871</subfield>
    <subfield code="r">2025-07-21</subfield>
    <subfield code="t">e.1</subfield>
    <subfield code="w">2025-07-21</subfield>
    <subfield code="y">ISSUE</subfield>
    <subfield code="z">Los factores que definen la competitividad de un pa&#xED;s.</subfield>
  </datafield>
  <datafield tag="952" ind1=" " ind2=" ">
    <subfield code="0">0</subfield>
    <subfield code="1">0</subfield>
    <subfield code="2">ddc</subfield>
    <subfield code="4">0</subfield>
    <subfield code="5">6</subfield>
    <subfield code="7">0</subfield>
    <subfield code="8">SE</subfield>
    <subfield code="a">BNPHU</subfield>
    <subfield code="b">BNPHU</subfield>
    <subfield code="d">2025-07-21</subfield>
    <subfield code="h">A&#xF1;o 4. N&#xFA;mero 50. noviembre, 2013</subfield>
    <subfield code="l">0</subfield>
    <subfield code="p">2025-6872</subfield>
    <subfield code="r">2025-07-21</subfield>
    <subfield code="t">e.2</subfield>
    <subfield code="w">2025-07-21</subfield>
    <subfield code="y">ISSUE</subfield>
    <subfield code="z">Los factores que definen la competitividad de un pa&#xED;s.</subfield>
  </datafield>
  <datafield tag="952" ind1=" " ind2=" ">
    <subfield code="0">0</subfield>
    <subfield code="1">0</subfield>
    <subfield code="2">ddc</subfield>
    <subfield code="4">0</subfield>
    <subfield code="5">6</subfield>
    <subfield code="7">0</subfield>
    <subfield code="8">SE</subfield>
    <subfield code="a">BNPHU</subfield>
    <subfield code="b">BNPHU</subfield>
    <subfield code="d">2025-07-21</subfield>
    <subfield code="h">A&#xF1;o 4. N&#xFA;mero 51. diciembre, 2013</subfield>
    <subfield code="l">0</subfield>
    <subfield code="p">2025-6873</subfield>
    <subfield code="r">2025-07-21</subfield>
    <subfield code="t">e.1</subfield>
    <subfield code="w">2025-07-21</subfield>
    <subfield code="y">ISSUE</subfield>
    <subfield code="z">Todas las previsiones 2014.</subfield>
  </datafield>
  <datafield tag="952" ind1=" " ind2=" ">
    <subfield code="0">0</subfield>
    <subfield code="1">0</subfield>
    <subfield code="2">ddc</subfield>
    <subfield code="4">0</subfield>
    <subfield code="5">6</subfield>
    <subfield code="7">0</subfield>
    <subfield code="8">SE</subfield>
    <subfield code="a">BNPHU</subfield>
    <subfield code="b">BNPHU</subfield>
    <subfield code="d">2025-07-21</subfield>
    <subfield code="h">A&#xF1;o 4. N&#xFA;mero 51. diciembre, 2013</subfield>
    <subfield code="l">0</subfield>
    <subfield code="p">2025-6874</subfield>
    <subfield code="r">2025-07-21</subfield>
    <subfield code="t">e.2</subfield>
    <subfield code="w">2025-07-21</subfield>
    <subfield code="y">ISSUE</subfield>
    <subfield code="z">Todas las previsiones 2014.</subfield>
  </datafield>
  <datafield tag="952" ind1=" " ind2=" ">
    <subfield code="0">0</subfield>
    <subfield code="1">0</subfield>
    <subfield code="2">ddc</subfield>
    <subfield code="4">0</subfield>
    <subfield code="5">6</subfield>
    <subfield code="7">0</subfield>
    <subfield code="8">SE</subfield>
    <subfield code="a">BNPHU</subfield>
    <subfield code="b">BNPHU</subfield>
    <subfield code="d">2025-07-21</subfield>
    <subfield code="h">A&#xF1;o 4. N&#xFA;mero 52. enero, 2014</subfield>
    <subfield code="l">0</subfield>
    <subfield code="p">2025-6875</subfield>
    <subfield code="r">2025-07-21</subfield>
    <subfield code="t">e.1</subfield>
    <subfield code="w">2025-07-21</subfield>
    <subfield code="y">ISSUE</subfield>
    <subfield code="z">FMI estima que 2014 ser&#xE1; el inicio de "siete a&#xF1;os de bonanza" global.</subfield>
  </datafield>
  <datafield tag="952" ind1=" " ind2=" ">
    <subfield code="0">0</subfield>
    <subfield code="1">0</subfield>
    <subfield code="2">ddc</subfield>
    <subfield code="4">0</subfield>
    <subfield code="5">6</subfield>
    <subfield code="7">0</subfield>
    <subfield code="8">SE</subfield>
    <subfield code="a">BNPHU</subfield>
    <subfield code="b">BNPHU</subfield>
    <subfield code="d">2025-07-21</subfield>
    <subfield code="h">A&#xF1;o 4. N&#xFA;mero 52. enero, 2014</subfield>
    <subfield code="l">0</subfield>
    <subfield code="p">2025-6876</subfield>
    <subfield code="r">2025-07-21</subfield>
    <subfield code="t">e.2</subfield>
    <subfield code="w">2025-07-21</subfield>
    <subfield code="y">ISSUE</subfield>
    <subfield code="z">FMI estima que 2014 ser&#xE1; el inicio de "siete a&#xF1;os de bonanza" global.</subfield>
  </datafield>
  <datafield tag="952" ind1=" " ind2=" ">
    <subfield code="0">0</subfield>
    <subfield code="1">0</subfield>
    <subfield code="2">ddc</subfield>
    <subfield code="4">0</subfield>
    <subfield code="5">6</subfield>
    <subfield code="7">0</subfield>
    <subfield code="8">SE</subfield>
    <subfield code="a">BNPHU</subfield>
    <subfield code="b">BNPHU</subfield>
    <subfield code="d">2025-07-21</subfield>
    <subfield code="h">A&#xF1;o 4. N&#xFA;mero 53. febrero, 2014</subfield>
    <subfield code="l">0</subfield>
    <subfield code="p">2025-6877</subfield>
    <subfield code="r">2025-07-21</subfield>
    <subfield code="t">e.1</subfield>
    <subfield code="w">2025-07-21</subfield>
    <subfield code="y">ISSUE</subfield>
    <subfield code="z">RD contin&#xFA;a expuesta a la lenta recuperaci&#xF3;n mundial. </subfield>
  </datafield>
  <datafield tag="952" ind1=" " ind2=" ">
    <subfield code="0">0</subfield>
    <subfield code="1">0</subfield>
    <subfield code="2">ddc</subfield>
    <subfield code="4">0</subfield>
    <subfield code="5">6</subfield>
    <subfield code="7">0</subfield>
    <subfield code="8">SE</subfield>
    <subfield code="a">BNPHU</subfield>
    <subfield code="b">BNPHU</subfield>
    <subfield code="d">2025-07-21</subfield>
    <subfield code="h">A&#xF1;o 4. N&#xFA;mero 53. febrero, 2014</subfield>
    <subfield code="l">0</subfield>
    <subfield code="p">2025-6878</subfield>
    <subfield code="r">2025-07-21</subfield>
    <subfield code="t">e.2</subfield>
    <subfield code="w">2025-07-21</subfield>
    <subfield code="y">ISSUE</subfield>
    <subfield code="z">RD contin&#xFA;a expuesta a la lenta recuperaci&#xF3;n mundial. </subfield>
  </datafield>
  <datafield tag="952" ind1=" " ind2=" ">
    <subfield code="0">0</subfield>
    <subfield code="1">0</subfield>
    <subfield code="2">ddc</subfield>
    <subfield code="4">0</subfield>
    <subfield code="5">6</subfield>
    <subfield code="7">0</subfield>
    <subfield code="8">SE</subfield>
    <subfield code="a">BNPHU</subfield>
    <subfield code="b">BNPHU</subfield>
    <subfield code="d">2025-07-21</subfield>
    <subfield code="h">A&#xF1;o 4. N&#xFA;mero 54. marzo, 2014</subfield>
    <subfield code="l">0</subfield>
    <subfield code="p">2025-6879</subfield>
    <subfield code="r">2025-07-21</subfield>
    <subfield code="t">e.1</subfield>
    <subfield code="w">2025-07-21</subfield>
    <subfield code="y">ISSUE</subfield>
    <subfield code="z">Claves para atraer inversi&#xF3;n extranjera directa a RD.</subfield>
  </datafield>
  <datafield tag="952" ind1=" " ind2=" ">
    <subfield code="0">0</subfield>
    <subfield code="1">0</subfield>
    <subfield code="2">ddc</subfield>
    <subfield code="4">0</subfield>
    <subfield code="5">6</subfield>
    <subfield code="7">0</subfield>
    <subfield code="8">SE</subfield>
    <subfield code="a">BNPHU</subfield>
    <subfield code="b">BNPHU</subfield>
    <subfield code="d">2025-07-21</subfield>
    <subfield code="h">A&#xF1;o 4. N&#xFA;mero 56. mayo, 2014</subfield>
    <subfield code="l">0</subfield>
    <subfield code="p">2025-6881</subfield>
    <subfield code="r">2025-07-21</subfield>
    <subfield code="t">e.1</subfield>
    <subfield code="w">2025-07-21</subfield>
    <subfield code="y">ISSUE</subfield>
    <subfield code="z">"El Capital en el siglo XXV" abre un encendido debate.</subfield>
  </datafield>
  <datafield tag="952" ind1=" " ind2=" ">
    <subfield code="0">0</subfield>
    <subfield code="1">0</subfield>
    <subfield code="2">ddc</subfield>
    <subfield code="4">0</subfield>
    <subfield code="5">6</subfield>
    <subfield code="7">0</subfield>
    <subfield code="8">SE</subfield>
    <subfield code="a">BNPHU</subfield>
    <subfield code="b">BNPHU</subfield>
    <subfield code="d">2025-07-21</subfield>
    <subfield code="h">A&#xF1;o 4. N&#xFA;mero 56. mayo, 2014</subfield>
    <subfield code="l">0</subfield>
    <subfield code="p">2025-6882</subfield>
    <subfield code="r">2025-07-21</subfield>
    <subfield code="t">e.2</subfield>
    <subfield code="w">2025-07-21</subfield>
    <subfield code="y">ISSUE</subfield>
    <subfield code="z">"El Capital en el siglo XXV" abre un encendido debate.</subfield>
  </datafield>
  <datafield tag="952" ind1=" " ind2=" ">
    <subfield code="0">0</subfield>
    <subfield code="1">0</subfield>
    <subfield code="2">ddc</subfield>
    <subfield code="4">0</subfield>
    <subfield code="5">6</subfield>
    <subfield code="7">0</subfield>
    <subfield code="8">SE</subfield>
    <subfield code="a">BNPHU</subfield>
    <subfield code="b">BNPHU</subfield>
    <subfield code="d">2025-07-21</subfield>
    <subfield code="h">A&#xF1;o 4. N&#xFA;mero 57. junio, 2014</subfield>
    <subfield code="l">0</subfield>
    <subfield code="p">2025-6883</subfield>
    <subfield code="r">2025-07-21</subfield>
    <subfield code="t">e.1</subfield>
    <subfield code="w">2025-07-21</subfield>
    <subfield code="y">ISSUE</subfield>
    <subfield code="z">JMMB estructura la salida a Bolsa de acciones de un banco dominicano.</subfield>
  </datafield>
  <datafield tag="952" ind1=" " ind2=" ">
    <subfield code="0">0</subfield>
    <subfield code="1">0</subfield>
    <subfield code="2">ddc</subfield>
    <subfield code="4">0</subfield>
    <subfield code="5">6</subfield>
    <subfield code="7">0</subfield>
    <subfield code="8">SE</subfield>
    <subfield code="a">BNPHU</subfield>
    <subfield code="b">BNPHU</subfield>
    <subfield code="d">2025-07-21</subfield>
    <subfield code="h">A&#xF1;o 4. N&#xFA;mero 57. junio, 2014</subfield>
    <subfield code="l">0</subfield>
    <subfield code="p">2025-6884</subfield>
    <subfield code="r">2025-07-21</subfield>
    <subfield code="t">e.2</subfield>
    <subfield code="w">2025-07-21</subfield>
    <subfield code="y">ISSUE</subfield>
    <subfield code="z">JMMB estructura la salida a Bolsa de acciones de un banco dominicano.</subfield>
  </datafield>
  <datafield tag="952" ind1=" " ind2=" ">
    <subfield code="0">0</subfield>
    <subfield code="1">0</subfield>
    <subfield code="2">ddc</subfield>
    <subfield code="4">0</subfield>
    <subfield code="5">6</subfield>
    <subfield code="7">0</subfield>
    <subfield code="8">SE</subfield>
    <subfield code="a">BNPHU</subfield>
    <subfield code="b">BNPHU</subfield>
    <subfield code="d">2025-07-21</subfield>
    <subfield code="h">A&#xF1;o 4. N&#xFA;mero 58. julio, 2014</subfield>
    <subfield code="l">0</subfield>
    <subfield code="p">2025-6885</subfield>
    <subfield code="r">2025-07-21</subfield>
    <subfield code="t">e.1</subfield>
    <subfield code="w">2025-07-21</subfield>
    <subfield code="y">ISSUE</subfield>
    <subfield code="z">El Capitalismo Inclusivo: &#xBF;llega una nueva ideolog&#xED;a?.</subfield>
  </datafield>
  <datafield tag="952" ind1=" " ind2=" ">
    <subfield code="0">0</subfield>
    <subfield code="1">0</subfield>
    <subfield code="2">ddc</subfield>
    <subfield code="4">0</subfield>
    <subfield code="5">6</subfield>
    <subfield code="7">0</subfield>
    <subfield code="8">SE</subfield>
    <subfield code="a">BNPHU</subfield>
    <subfield code="b">BNPHU</subfield>
    <subfield code="d">2025-07-21</subfield>
    <subfield code="h">A&#xF1;o 4. N&#xFA;mero 58. julio, 2014</subfield>
    <subfield code="l">0</subfield>
    <subfield code="p">2025-6886</subfield>
    <subfield code="r">2025-07-21</subfield>
    <subfield code="t">e.2</subfield>
    <subfield code="w">2025-07-21</subfield>
    <subfield code="y">ISSUE</subfield>
    <subfield code="z">El Capitalismo Inclusivo: &#xBF;llega una nueva ideolog&#xED;a?.</subfield>
  </datafield>
  <datafield tag="952" ind1=" " ind2=" ">
    <subfield code="0">0</subfield>
    <subfield code="1">0</subfield>
    <subfield code="2">ddc</subfield>
    <subfield code="4">0</subfield>
    <subfield code="5">6</subfield>
    <subfield code="7">0</subfield>
    <subfield code="8">SE</subfield>
    <subfield code="a">BNPHU</subfield>
    <subfield code="b">BNPHU</subfield>
    <subfield code="d">2025-07-21</subfield>
    <subfield code="h">A&#xF1;o 4. N&#xFA;mero 60. septiembre, 2014</subfield>
    <subfield code="l">0</subfield>
    <subfield code="p">2025-6887</subfield>
    <subfield code="r">2025-07-21</subfield>
    <subfield code="t">e.1</subfield>
    <subfield code="w">2025-07-21</subfield>
    <subfield code="y">ISSUE</subfield>
    <subfield code="z">&#xBF;Tiene futuro la competitividad a base de bajos salarios?.</subfield>
  </datafield>
  <datafield tag="952" ind1=" " ind2=" ">
    <subfield code="0">0</subfield>
    <subfield code="1">0</subfield>
    <subfield code="2">ddc</subfield>
    <subfield code="4">0</subfield>
    <subfield code="5">6</subfield>
    <subfield code="7">0</subfield>
    <subfield code="8">SE</subfield>
    <subfield code="a">BNPHU</subfield>
    <subfield code="b">BNPHU</subfield>
    <subfield code="d">2025-07-21</subfield>
    <subfield code="h">A&#xF1;o 4. N&#xFA;mero 60. septiembre, 2014</subfield>
    <subfield code="l">0</subfield>
    <subfield code="p">2025-6888</subfield>
    <subfield code="r">2025-07-21</subfield>
    <subfield code="t">e.2</subfield>
    <subfield code="w">2025-07-21</subfield>
    <subfield code="y">ISSUE</subfield>
    <subfield code="z">&#xBF;Tiene futuro la competitividad a base de bajos salarios?.</subfield>
  </datafield>
  <datafield tag="952" ind1=" " ind2=" ">
    <subfield code="0">0</subfield>
    <subfield code="1">0</subfield>
    <subfield code="2">ddc</subfield>
    <subfield code="4">0</subfield>
    <subfield code="5">6</subfield>
    <subfield code="7">0</subfield>
    <subfield code="8">SE</subfield>
    <subfield code="a">BNPHU</subfield>
    <subfield code="b">BNPHU</subfield>
    <subfield code="d">2025-07-21</subfield>
    <subfield code="h">A&#xF1;o 5. N&#xFA;mero 61. octubre, 2014</subfield>
    <subfield code="l">0</subfield>
    <subfield code="p">2025-6890</subfield>
    <subfield code="r">2025-07-21</subfield>
    <subfield code="t">e.1</subfield>
    <subfield code="w">2025-07-21</subfield>
    <subfield code="y">ISSUE</subfield>
    <subfield code="z">Megatendencias que definen nuestro futuro cercano.</subfield>
  </datafield>
  <datafield tag="952" ind1=" " ind2=" ">
    <subfield code="0">0</subfield>
    <subfield code="1">0</subfield>
    <subfield code="2">ddc</subfield>
    <subfield code="4">0</subfield>
    <subfield code="5">6</subfield>
    <subfield code="7">0</subfield>
    <subfield code="8">SE</subfield>
    <subfield code="a">BNPHU</subfield>
    <subfield code="b">BNPHU</subfield>
    <subfield code="d">2025-07-21</subfield>
    <subfield code="h">A&#xF1;o 5. N&#xFA;mero 61. octubre, 2014</subfield>
    <subfield code="l">0</subfield>
    <subfield code="p">2025-6891</subfield>
    <subfield code="r">2025-07-21</subfield>
    <subfield code="t">e.2</subfield>
    <subfield code="w">2025-07-21</subfield>
    <subfield code="y">ISSUE</subfield>
    <subfield code="z">Megatendencias que definen nuestro futuro cercano.</subfield>
  </datafield>
  <datafield tag="952" ind1=" " ind2=" ">
    <subfield code="0">0</subfield>
    <subfield code="1">0</subfield>
    <subfield code="2">ddc</subfield>
    <subfield code="4">0</subfield>
    <subfield code="5">6</subfield>
    <subfield code="7">0</subfield>
    <subfield code="8">SE</subfield>
    <subfield code="a">BNPHU</subfield>
    <subfield code="b">BNPHU</subfield>
    <subfield code="d">2025-07-21</subfield>
    <subfield code="h">A&#xF1;o 5. N&#xFA;mero 64. enero, 2015</subfield>
    <subfield code="l">0</subfield>
    <subfield code="p">2025-6892</subfield>
    <subfield code="r">2025-07-21</subfield>
    <subfield code="t">e.1</subfield>
    <subfield code="w">2025-07-21</subfield>
    <subfield code="y">ISSUE</subfield>
    <subfield code="z">Los exportadores dominicanos han de prevenirse contra el fraude.</subfield>
  </datafield>
  <datafield tag="952" ind1=" " ind2=" ">
    <subfield code="0">0</subfield>
    <subfield code="1">0</subfield>
    <subfield code="2">ddc</subfield>
    <subfield code="4">0</subfield>
    <subfield code="5">6</subfield>
    <subfield code="7">0</subfield>
    <subfield code="8">SE</subfield>
    <subfield code="a">BNPHU</subfield>
    <subfield code="b">BNPHU</subfield>
    <subfield code="d">2025-07-21</subfield>
    <subfield code="h">A&#xF1;o 5. N&#xFA;mero 64. enero, 2015</subfield>
    <subfield code="l">0</subfield>
    <subfield code="p">2025-6893</subfield>
    <subfield code="r">2025-07-21</subfield>
    <subfield code="t">e.2</subfield>
    <subfield code="w">2025-07-21</subfield>
    <subfield code="y">ISSUE</subfield>
    <subfield code="z">Los exportadores dominicanos han de prevenirse contra el fraude.</subfield>
  </datafield>
  <datafield tag="952" ind1=" " ind2=" ">
    <subfield code="0">0</subfield>
    <subfield code="1">0</subfield>
    <subfield code="2">ddc</subfield>
    <subfield code="4">0</subfield>
    <subfield code="5">6</subfield>
    <subfield code="7">0</subfield>
    <subfield code="8">SE</subfield>
    <subfield code="a">BNPHU</subfield>
    <subfield code="b">BNPHU</subfield>
    <subfield code="d">2025-07-21</subfield>
    <subfield code="h">A&#xF1;o 5. N&#xFA;mero 65. febrero, 2015</subfield>
    <subfield code="l">0</subfield>
    <subfield code="p">2025-6894</subfield>
    <subfield code="r">2025-07-21</subfield>
    <subfield code="t">e.1</subfield>
    <subfield code="w">2025-07-21</subfield>
    <subfield code="y">ISSUE</subfield>
    <subfield code="z">Un alza del d&#xF3;lar contra el tiempo. </subfield>
  </datafield>
  <datafield tag="952" ind1=" " ind2=" ">
    <subfield code="0">0</subfield>
    <subfield code="1">0</subfield>
    <subfield code="2">ddc</subfield>
    <subfield code="4">0</subfield>
    <subfield code="5">6</subfield>
    <subfield code="7">0</subfield>
    <subfield code="8">SE</subfield>
    <subfield code="a">BNPHU</subfield>
    <subfield code="b">BNPHU</subfield>
    <subfield code="d">2025-07-21</subfield>
    <subfield code="h">A&#xF1;o 5. N&#xFA;mero 66. marzo, 2015</subfield>
    <subfield code="l">0</subfield>
    <subfield code="p">2025-6895</subfield>
    <subfield code="r">2025-07-21</subfield>
    <subfield code="t">e.1</subfield>
    <subfield code="w">2025-07-21</subfield>
    <subfield code="y">ISSUE</subfield>
    <subfield code="z">La clase media dominicana ya no pisa tan firme.</subfield>
  </datafield>
  <datafield tag="952" ind1=" " ind2=" ">
    <subfield code="0">0</subfield>
    <subfield code="1">0</subfield>
    <subfield code="2">ddc</subfield>
    <subfield code="4">0</subfield>
    <subfield code="5">6</subfield>
    <subfield code="7">0</subfield>
    <subfield code="8">SE</subfield>
    <subfield code="a">BNPHU</subfield>
    <subfield code="b">BNPHU</subfield>
    <subfield code="d">2025-07-21</subfield>
    <subfield code="h">A&#xF1;o 5. N&#xFA;mero 67. abril, 2015</subfield>
    <subfield code="l">0</subfield>
    <subfield code="p">2025-6896</subfield>
    <subfield code="r">2025-07-21</subfield>
    <subfield code="t">e.1</subfield>
    <subfield code="w">2025-07-21</subfield>
    <subfield code="y">ISSUE</subfield>
    <subfield code="z">&#xBF;Est&#xE1; la democracia en declive?.</subfield>
  </datafield>
  <datafield tag="952" ind1=" " ind2=" ">
    <subfield code="0">0</subfield>
    <subfield code="1">0</subfield>
    <subfield code="2">ddc</subfield>
    <subfield code="4">0</subfield>
    <subfield code="5">6</subfield>
    <subfield code="7">0</subfield>
    <subfield code="8">SE</subfield>
    <subfield code="a">BNPHU</subfield>
    <subfield code="b">BNPHU</subfield>
    <subfield code="d">2025-07-21</subfield>
    <subfield code="h">A&#xF1;o 5. N&#xFA;mero 67. abril, 2015</subfield>
    <subfield code="l">0</subfield>
    <subfield code="p">2025-6897</subfield>
    <subfield code="r">2025-07-21</subfield>
    <subfield code="t">e.2</subfield>
    <subfield code="w">2025-07-21</subfield>
    <subfield code="y">ISSUE</subfield>
    <subfield code="z">&#xBF;Est&#xE1; la democracia en declive?.</subfield>
  </datafield>
  <datafield tag="952" ind1=" " ind2=" ">
    <subfield code="0">0</subfield>
    <subfield code="1">0</subfield>
    <subfield code="2">ddc</subfield>
    <subfield code="4">0</subfield>
    <subfield code="5">6</subfield>
    <subfield code="7">0</subfield>
    <subfield code="8">SE</subfield>
    <subfield code="a">BNPHU</subfield>
    <subfield code="b">BNPHU</subfield>
    <subfield code="d">2025-07-21</subfield>
    <subfield code="h">A&#xF1;o 5. N&#xFA;mero 68. mayo, 2015</subfield>
    <subfield code="l">0</subfield>
    <subfield code="p">2025-6898</subfield>
    <subfield code="r">2025-07-21</subfield>
    <subfield code="t">e.1</subfield>
    <subfield code="w">2025-07-21</subfield>
    <subfield code="y">ISSUE</subfield>
    <subfield code="z">Un nuevo esquema econ&#xF3;mico en las j&#xF3;venes parejas dominicanas.</subfield>
  </datafield>
  <datafield tag="952" ind1=" " ind2=" ">
    <subfield code="0">0</subfield>
    <subfield code="1">0</subfield>
    <subfield code="2">ddc</subfield>
    <subfield code="4">0</subfield>
    <subfield code="5">6</subfield>
    <subfield code="7">0</subfield>
    <subfield code="8">SE</subfield>
    <subfield code="a">BNPHU</subfield>
    <subfield code="b">BNPHU</subfield>
    <subfield code="d">2025-07-21</subfield>
    <subfield code="h">A&#xF1;o 5. N&#xFA;mero 68. mayo, 2015</subfield>
    <subfield code="l">0</subfield>
    <subfield code="p">2025-6899</subfield>
    <subfield code="r">2025-07-21</subfield>
    <subfield code="t">e.2</subfield>
    <subfield code="w">2025-07-21</subfield>
    <subfield code="y">ISSUE</subfield>
    <subfield code="z">Un nuevo esquema econ&#xF3;mico en las j&#xF3;venes parejas dominicanas.</subfield>
  </datafield>
  <datafield tag="952" ind1=" " ind2=" ">
    <subfield code="0">0</subfield>
    <subfield code="1">0</subfield>
    <subfield code="2">ddc</subfield>
    <subfield code="4">0</subfield>
    <subfield code="5">6</subfield>
    <subfield code="7">0</subfield>
    <subfield code="8">SE</subfield>
    <subfield code="a">BNPHU</subfield>
    <subfield code="b">BNPHU</subfield>
    <subfield code="d">2025-07-21</subfield>
    <subfield code="h">A&#xF1;o 5. N&#xFA;mero 69. junio, 2015</subfield>
    <subfield code="l">0</subfield>
    <subfield code="p">2025-6900</subfield>
    <subfield code="r">2025-07-21</subfield>
    <subfield code="t">e.1</subfield>
    <subfield code="w">2025-07-21</subfield>
    <subfield code="y">ISSUE</subfield>
    <subfield code="z">&#xBF;Supondr&#xE1; Cuba una seria competencia para RD?.</subfield>
  </datafield>
  <datafield tag="952" ind1=" " ind2=" ">
    <subfield code="0">0</subfield>
    <subfield code="1">0</subfield>
    <subfield code="2">ddc</subfield>
    <subfield code="4">0</subfield>
    <subfield code="5">6</subfield>
    <subfield code="7">0</subfield>
    <subfield code="8">SE</subfield>
    <subfield code="a">BNPHU</subfield>
    <subfield code="b">BNPHU</subfield>
    <subfield code="d">2025-07-21</subfield>
    <subfield code="h">A&#xF1;o 5. N&#xFA;mero 69. junio, 2015</subfield>
    <subfield code="l">0</subfield>
    <subfield code="p">2025-6901</subfield>
    <subfield code="r">2025-07-21</subfield>
    <subfield code="t">e.2</subfield>
    <subfield code="w">2025-07-21</subfield>
    <subfield code="y">ISSUE</subfield>
    <subfield code="z">&#xBF;Supondr&#xE1; Cuba una seria competencia para RD?.</subfield>
  </datafield>
  <datafield tag="952" ind1=" " ind2=" ">
    <subfield code="0">0</subfield>
    <subfield code="1">0</subfield>
    <subfield code="2">ddc</subfield>
    <subfield code="4">0</subfield>
    <subfield code="5">6</subfield>
    <subfield code="7">0</subfield>
    <subfield code="8">SE</subfield>
    <subfield code="a">BNPHU</subfield>
    <subfield code="b">BNPHU</subfield>
    <subfield code="d">2025-07-21</subfield>
    <subfield code="h">A&#xF1;o 5. N&#xFA;mero 69. julio, 2015</subfield>
    <subfield code="l">0</subfield>
    <subfield code="p">2025-6902</subfield>
    <subfield code="r">2025-07-21</subfield>
    <subfield code="t">e.1</subfield>
    <subfield code="w">2025-07-21</subfield>
    <subfield code="y">ISSUE</subfield>
    <subfield code="z">El Mercado de Valores se orientar&#xE1; con una nueva Ley.</subfield>
  </datafield>
  <datafield tag="952" ind1=" " ind2=" ">
    <subfield code="0">0</subfield>
    <subfield code="1">0</subfield>
    <subfield code="2">ddc</subfield>
    <subfield code="4">0</subfield>
    <subfield code="5">6</subfield>
    <subfield code="7">0</subfield>
    <subfield code="8">SE</subfield>
    <subfield code="a">BNPHU</subfield>
    <subfield code="b">BNPHU</subfield>
    <subfield code="d">2025-07-21</subfield>
    <subfield code="h">A&#xF1;o 5. N&#xFA;mero 69. julio, 2015</subfield>
    <subfield code="l">0</subfield>
    <subfield code="p">2025-6903</subfield>
    <subfield code="r">2025-07-21</subfield>
    <subfield code="t">e.2</subfield>
    <subfield code="w">2025-07-21</subfield>
    <subfield code="y">ISSUE</subfield>
    <subfield code="z">El Mercado de Valores se orientar&#xE1; con una nueva Ley.</subfield>
  </datafield>
  <datafield tag="952" ind1=" " ind2=" ">
    <subfield code="0">0</subfield>
    <subfield code="1">0</subfield>
    <subfield code="2">ddc</subfield>
    <subfield code="4">0</subfield>
    <subfield code="5">6</subfield>
    <subfield code="7">0</subfield>
    <subfield code="8">SE</subfield>
    <subfield code="a">BNPHU</subfield>
    <subfield code="b">BNPHU</subfield>
    <subfield code="d">2025-07-21</subfield>
    <subfield code="h">A&#xF1;o 5. N&#xFA;mero 70. agosto, 2015</subfield>
    <subfield code="l">0</subfield>
    <subfield code="p">2025-6904</subfield>
    <subfield code="r">2025-07-21</subfield>
    <subfield code="t">e.1</subfield>
    <subfield code="w">2025-07-21</subfield>
    <subfield code="y">ISSUE</subfield>
    <subfield code="z">El d&#xF3;lar desaf&#xED;a al valor del euro. </subfield>
  </datafield>
  <datafield tag="952" ind1=" " ind2=" ">
    <subfield code="0">0</subfield>
    <subfield code="1">0</subfield>
    <subfield code="2">ddc</subfield>
    <subfield code="4">0</subfield>
    <subfield code="5">6</subfield>
    <subfield code="7">0</subfield>
    <subfield code="8">SE</subfield>
    <subfield code="a">BNPHU</subfield>
    <subfield code="b">BNPHU</subfield>
    <subfield code="d">2025-07-21</subfield>
    <subfield code="h">A&#xF1;o 5. N&#xFA;mero 70. septiembre 2015</subfield>
    <subfield code="l">0</subfield>
    <subfield code="p">2025-6905</subfield>
    <subfield code="r">2025-07-21</subfield>
    <subfield code="t">e.1</subfield>
    <subfield code="w">2025-07-21</subfield>
    <subfield code="y">ISSUE</subfield>
    <subfield code="z">No es una crisis de demanda, es una crisis de oferta.</subfield>
  </datafield>
  <datafield tag="952" ind1=" " ind2=" ">
    <subfield code="0">0</subfield>
    <subfield code="1">0</subfield>
    <subfield code="2">ddc</subfield>
    <subfield code="4">0</subfield>
    <subfield code="5">6</subfield>
    <subfield code="7">0</subfield>
    <subfield code="8">SE</subfield>
    <subfield code="a">BNPHU</subfield>
    <subfield code="b">BNPHU</subfield>
    <subfield code="d">2025-07-21</subfield>
    <subfield code="h">A&#xF1;o 5. N&#xFA;mero 70. septiembre 2015</subfield>
    <subfield code="l">0</subfield>
    <subfield code="p">2025-6906</subfield>
    <subfield code="r">2025-07-21</subfield>
    <subfield code="t">e.2</subfield>
    <subfield code="w">2025-07-21</subfield>
    <subfield code="y">ISSUE</subfield>
    <subfield code="z">No es una crisis de demanda, es una crisis de oferta.</subfield>
  </datafield>
  <datafield tag="952" ind1=" " ind2=" ">
    <subfield code="0">0</subfield>
    <subfield code="1">0</subfield>
    <subfield code="2">ddc</subfield>
    <subfield code="4">0</subfield>
    <subfield code="5">6</subfield>
    <subfield code="7">0</subfield>
    <subfield code="8">SE</subfield>
    <subfield code="a">BNPHU</subfield>
    <subfield code="b">BNPHU</subfield>
    <subfield code="d">2025-07-21</subfield>
    <subfield code="h">A&#xF1;o 5. N&#xFA;mero 70. octubre 2015</subfield>
    <subfield code="l">0</subfield>
    <subfield code="p">2025-6907</subfield>
    <subfield code="r">2025-07-21</subfield>
    <subfield code="t">e.1</subfield>
    <subfield code="w">2025-07-21</subfield>
    <subfield code="y">ISSUE</subfield>
    <subfield code="z">Deudores y acreedores ante una nueva Ley de Insolvencia.</subfield>
  </datafield>
  <datafield tag="952" ind1=" " ind2=" ">
    <subfield code="0">0</subfield>
    <subfield code="1">0</subfield>
    <subfield code="2">ddc</subfield>
    <subfield code="4">0</subfield>
    <subfield code="5">6</subfield>
    <subfield code="7">0</subfield>
    <subfield code="8">SE</subfield>
    <subfield code="a">BNPHU</subfield>
    <subfield code="b">BNPHU</subfield>
    <subfield code="d">2025-07-21</subfield>
    <subfield code="h">A&#xF1;o 5. N&#xFA;mero 70. octubre 2015</subfield>
    <subfield code="l">0</subfield>
    <subfield code="p">2025-6908</subfield>
    <subfield code="r">2025-07-21</subfield>
    <subfield code="t">e.2</subfield>
    <subfield code="w">2025-07-21</subfield>
    <subfield code="y">ISSUE</subfield>
    <subfield code="z">Deudores y acreedores ante una nueva Ley de Insolvencia.</subfield>
  </datafield>
  <datafield tag="952" ind1=" " ind2=" ">
    <subfield code="0">0</subfield>
    <subfield code="1">0</subfield>
    <subfield code="2">ddc</subfield>
    <subfield code="4">0</subfield>
    <subfield code="5">6</subfield>
    <subfield code="7">0</subfield>
    <subfield code="8">SE</subfield>
    <subfield code="a">BNPHU</subfield>
    <subfield code="b">BNPHU</subfield>
    <subfield code="d">2025-07-21</subfield>
    <subfield code="h">A&#xF1;o 5. N&#xFA;mero 71. noviembre 2015</subfield>
    <subfield code="l">0</subfield>
    <subfield code="p">2025-6909</subfield>
    <subfield code="r">2025-07-21</subfield>
    <subfield code="t">e.1</subfield>
    <subfield code="w">2025-07-21</subfield>
    <subfield code="y">ISSUE</subfield>
    <subfield code="z">La competitividad del mercado incita al consumismo.</subfield>
  </datafield>
  <datafield tag="952" ind1=" " ind2=" ">
    <subfield code="0">0</subfield>
    <subfield code="1">0</subfield>
    <subfield code="2">ddc</subfield>
    <subfield code="4">0</subfield>
    <subfield code="5">6</subfield>
    <subfield code="7">0</subfield>
    <subfield code="8">SE</subfield>
    <subfield code="a">BNPHU</subfield>
    <subfield code="b">BNPHU</subfield>
    <subfield code="d">2025-07-21</subfield>
    <subfield code="h">A&#xF1;o 5. N&#xFA;mero 71. diciembre 2015</subfield>
    <subfield code="l">0</subfield>
    <subfield code="p">2025-6910</subfield>
    <subfield code="r">2025-07-21</subfield>
    <subfield code="t">e.1</subfield>
    <subfield code="w">2025-07-21</subfield>
    <subfield code="y">ISSUE</subfield>
    <subfield code="z">Las finanzas tienen diferentes patrones.</subfield>
  </datafield>
  <datafield tag="952" ind1=" " ind2=" ">
    <subfield code="0">0</subfield>
    <subfield code="1">0</subfield>
    <subfield code="2">ddc</subfield>
    <subfield code="4">0</subfield>
    <subfield code="5">6</subfield>
    <subfield code="7">0</subfield>
    <subfield code="8">SE</subfield>
    <subfield code="a">BNPHU</subfield>
    <subfield code="b">BNPHU</subfield>
    <subfield code="d">2025-07-21</subfield>
    <subfield code="h">A&#xF1;o 5. N&#xFA;mero 71. diciembre 2015</subfield>
    <subfield code="l">0</subfield>
    <subfield code="p">2025-6911</subfield>
    <subfield code="r">2025-07-21</subfield>
    <subfield code="t">e.2</subfield>
    <subfield code="w">2025-07-21</subfield>
    <subfield code="y">ISSUE</subfield>
    <subfield code="z">Las finanzas tienen diferentes patrones.</subfield>
  </datafield>
  <datafield tag="952" ind1=" " ind2=" ">
    <subfield code="0">0</subfield>
    <subfield code="1">0</subfield>
    <subfield code="2">ddc</subfield>
    <subfield code="4">0</subfield>
    <subfield code="5">6</subfield>
    <subfield code="7">0</subfield>
    <subfield code="8">SE</subfield>
    <subfield code="a">BNPHU</subfield>
    <subfield code="b">BNPHU</subfield>
    <subfield code="d">2025-07-21</subfield>
    <subfield code="h">A&#xF1;o 5. N&#xFA;mero 72. febrero 2016</subfield>
    <subfield code="l">0</subfield>
    <subfield code="p">2025-6912</subfield>
    <subfield code="r">2025-07-21</subfield>
    <subfield code="t">e.1</subfield>
    <subfield code="w">2025-07-21</subfield>
    <subfield code="y">ISSUE</subfield>
    <subfield code="z">La sombra de una crisis aviva el temor de volver a sufrir un retroceso.</subfield>
  </datafield>
  <datafield tag="952" ind1=" " ind2=" ">
    <subfield code="0">0</subfield>
    <subfield code="1">0</subfield>
    <subfield code="2">ddc</subfield>
    <subfield code="4">0</subfield>
    <subfield code="5">6</subfield>
    <subfield code="7">0</subfield>
    <subfield code="8">SE</subfield>
    <subfield code="a">BNPHU</subfield>
    <subfield code="b">BNPHU</subfield>
    <subfield code="d">2025-07-21</subfield>
    <subfield code="h">A&#xF1;o 5. N&#xFA;mero 72. febrero 2016</subfield>
    <subfield code="l">0</subfield>
    <subfield code="p">2025-6913</subfield>
    <subfield code="r">2025-07-21</subfield>
    <subfield code="t">e.2</subfield>
    <subfield code="w">2025-07-21</subfield>
    <subfield code="y">ISSUE</subfield>
    <subfield code="z">La sombra de una crisis aviva el temor de volver a sufrir un retroceso.</subfield>
  </datafield>
  <datafield tag="952" ind1=" " ind2=" ">
    <subfield code="0">0</subfield>
    <subfield code="1">0</subfield>
    <subfield code="2">ddc</subfield>
    <subfield code="4">0</subfield>
    <subfield code="5">6</subfield>
    <subfield code="7">0</subfield>
    <subfield code="8">SE</subfield>
    <subfield code="a">BNPHU</subfield>
    <subfield code="b">BNPHU</subfield>
    <subfield code="d">2025-07-21</subfield>
    <subfield code="h">A&#xF1;o 5. N&#xFA;mero 73. marzo 2016</subfield>
    <subfield code="l">0</subfield>
    <subfield code="p">2025-6914</subfield>
    <subfield code="r">2025-07-21</subfield>
    <subfield code="t">e.1</subfield>
    <subfield code="w">2025-07-21</subfield>
    <subfield code="y">ISSUE</subfield>
    <subfield code="z">C&#xF3;mo afecta a RD el fen&#xF3;meno meteorol&#xF3;gico de "La Ni&#xF1;a".</subfield>
  </datafield>
  <datafield tag="952" ind1=" " ind2=" ">
    <subfield code="0">0</subfield>
    <subfield code="1">0</subfield>
    <subfield code="2">ddc</subfield>
    <subfield code="4">0</subfield>
    <subfield code="5">6</subfield>
    <subfield code="7">0</subfield>
    <subfield code="8">SE</subfield>
    <subfield code="a">BNPHU</subfield>
    <subfield code="b">BNPHU</subfield>
    <subfield code="d">2025-07-21</subfield>
    <subfield code="h">A&#xF1;o 5. N&#xFA;mero 73. marzo 2016</subfield>
    <subfield code="l">0</subfield>
    <subfield code="p">2025-6915</subfield>
    <subfield code="r">2025-07-21</subfield>
    <subfield code="t">e.2</subfield>
    <subfield code="w">2025-07-21</subfield>
    <subfield code="y">ISSUE</subfield>
    <subfield code="z">C&#xF3;mo afecta a RD el fen&#xF3;meno meteorol&#xF3;gico de "La Ni&#xF1;a".</subfield>
  </datafield>
  <datafield tag="952" ind1=" " ind2=" ">
    <subfield code="0">0</subfield>
    <subfield code="1">0</subfield>
    <subfield code="2">ddc</subfield>
    <subfield code="4">0</subfield>
    <subfield code="5">6</subfield>
    <subfield code="7">0</subfield>
    <subfield code="8">SE</subfield>
    <subfield code="a">BNPHU</subfield>
    <subfield code="b">BNPHU</subfield>
    <subfield code="d">2025-07-21</subfield>
    <subfield code="h">A&#xF1;o 5. N&#xFA;mero 74. abril 2016</subfield>
    <subfield code="l">0</subfield>
    <subfield code="p">2025-6916</subfield>
    <subfield code="r">2025-07-21</subfield>
    <subfield code="t">e.1</subfield>
    <subfield code="w">2025-07-21</subfield>
    <subfield code="y">ISSUE</subfield>
    <subfield code="z">La juventud "millennial" dominicana asalta el mercado.</subfield>
  </datafield>
  <datafield tag="952" ind1=" " ind2=" ">
    <subfield code="0">0</subfield>
    <subfield code="1">0</subfield>
    <subfield code="2">ddc</subfield>
    <subfield code="4">0</subfield>
    <subfield code="5">6</subfield>
    <subfield code="7">0</subfield>
    <subfield code="8">SE</subfield>
    <subfield code="a">BNPHU</subfield>
    <subfield code="b">BNPHU</subfield>
    <subfield code="d">2025-07-21</subfield>
    <subfield code="h">A&#xF1;o 5. N&#xFA;mero 74. abril 2016</subfield>
    <subfield code="l">0</subfield>
    <subfield code="p">2025-6917</subfield>
    <subfield code="r">2025-07-21</subfield>
    <subfield code="t">e.2</subfield>
    <subfield code="w">2025-07-21</subfield>
    <subfield code="y">ISSUE</subfield>
    <subfield code="z">La juventud "millennial" dominicana asalta el mercado.</subfield>
  </datafield>
  <datafield tag="952" ind1=" " ind2=" ">
    <subfield code="0">0</subfield>
    <subfield code="1">0</subfield>
    <subfield code="2">ddc</subfield>
    <subfield code="4">0</subfield>
    <subfield code="5">6</subfield>
    <subfield code="7">0</subfield>
    <subfield code="8">SE</subfield>
    <subfield code="a">BNPHU</subfield>
    <subfield code="b">BNPHU</subfield>
    <subfield code="d">2025-07-21</subfield>
    <subfield code="h">A&#xF1;o 5. N&#xFA;mero 75. mayo 2016</subfield>
    <subfield code="l">0</subfield>
    <subfield code="p">2025-6918</subfield>
    <subfield code="r">2025-07-21</subfield>
    <subfield code="t">e.1</subfield>
    <subfield code="w">2025-07-21</subfield>
    <subfield code="y">ISSUE</subfield>
    <subfield code="z">La nueva competencia entre bancos en RD se llama "Fintech".</subfield>
  </datafield>
  <datafield tag="952" ind1=" " ind2=" ">
    <subfield code="0">0</subfield>
    <subfield code="1">0</subfield>
    <subfield code="2">ddc</subfield>
    <subfield code="4">0</subfield>
    <subfield code="5">6</subfield>
    <subfield code="7">0</subfield>
    <subfield code="8">SE</subfield>
    <subfield code="a">BNPHU</subfield>
    <subfield code="b">BNPHU</subfield>
    <subfield code="d">2025-07-21</subfield>
    <subfield code="h">A&#xF1;o 5. N&#xFA;mero 75. mayo 2016</subfield>
    <subfield code="l">0</subfield>
    <subfield code="p">2025-6919</subfield>
    <subfield code="r">2025-07-21</subfield>
    <subfield code="t">e.2</subfield>
    <subfield code="w">2025-07-21</subfield>
    <subfield code="y">ISSUE</subfield>
    <subfield code="z">La nueva competencia entre bancos en RD se llama "Fintech".</subfield>
  </datafield>
  <datafield tag="952" ind1=" " ind2=" ">
    <subfield code="0">0</subfield>
    <subfield code="1">0</subfield>
    <subfield code="2">ddc</subfield>
    <subfield code="4">0</subfield>
    <subfield code="5">6</subfield>
    <subfield code="7">0</subfield>
    <subfield code="8">SE</subfield>
    <subfield code="a">BNPHU</subfield>
    <subfield code="b">BNPHU</subfield>
    <subfield code="d">2025-07-21</subfield>
    <subfield code="h">A&#xF1;o 5. N&#xFA;mero 76. junio 2016</subfield>
    <subfield code="l">0</subfield>
    <subfield code="p">2025-6920</subfield>
    <subfield code="r">2025-07-21</subfield>
    <subfield code="t">e.1</subfield>
    <subfield code="w">2025-07-21</subfield>
    <subfield code="y">ISSUE</subfield>
    <subfield code="z">El "blockchain" pone en guardia a la industria financiera. </subfield>
  </datafield>
  <datafield tag="952" ind1=" " ind2=" ">
    <subfield code="0">0</subfield>
    <subfield code="1">0</subfield>
    <subfield code="2">ddc</subfield>
    <subfield code="4">0</subfield>
    <subfield code="5">6</subfield>
    <subfield code="7">0</subfield>
    <subfield code="8">SE</subfield>
    <subfield code="a">BNPHU</subfield>
    <subfield code="b">BNPHU</subfield>
    <subfield code="d">2025-07-21</subfield>
    <subfield code="h">A&#xF1;o 5. N&#xFA;mero 76. junio 2016</subfield>
    <subfield code="l">0</subfield>
    <subfield code="p">2025-6921</subfield>
    <subfield code="r">2025-07-21</subfield>
    <subfield code="t">e.2</subfield>
    <subfield code="w">2025-07-21</subfield>
    <subfield code="y">ISSUE</subfield>
    <subfield code="z">El "blockchain" pone en guardia a la industria financiera. </subfield>
  </datafield>
  <datafield tag="952" ind1=" " ind2=" ">
    <subfield code="0">0</subfield>
    <subfield code="1">0</subfield>
    <subfield code="2">ddc</subfield>
    <subfield code="4">0</subfield>
    <subfield code="5">6</subfield>
    <subfield code="7">0</subfield>
    <subfield code="8">SE</subfield>
    <subfield code="a">BNPHU</subfield>
    <subfield code="b">BNPHU</subfield>
    <subfield code="d">2025-07-21</subfield>
    <subfield code="h">A&#xF1;o 5. N&#xFA;mero 78. agosto 2016</subfield>
    <subfield code="l">0</subfield>
    <subfield code="p">2025-6922</subfield>
    <subfield code="r">2025-07-21</subfield>
    <subfield code="t">e.1</subfield>
    <subfield code="w">2025-07-21</subfield>
    <subfield code="y">ISSUE</subfield>
    <subfield code="z">El mundo se est&#xE1; reinventando y usted ser&#xE1; testigo de ello.</subfield>
  </datafield>
  <datafield tag="952" ind1=" " ind2=" ">
    <subfield code="0">0</subfield>
    <subfield code="1">0</subfield>
    <subfield code="2">ddc</subfield>
    <subfield code="4">0</subfield>
    <subfield code="5">6</subfield>
    <subfield code="7">0</subfield>
    <subfield code="8">SE</subfield>
    <subfield code="a">BNPHU</subfield>
    <subfield code="b">BNPHU</subfield>
    <subfield code="d">2025-07-21</subfield>
    <subfield code="h">A&#xF1;o 5. N&#xFA;mero 78. agosto 2016</subfield>
    <subfield code="l">0</subfield>
    <subfield code="p">2025-6923</subfield>
    <subfield code="r">2025-07-21</subfield>
    <subfield code="t">e.2</subfield>
    <subfield code="w">2025-07-21</subfield>
    <subfield code="y">ISSUE</subfield>
    <subfield code="z">El mundo se est&#xE1; reinventando y usted ser&#xE1; testigo de ello.</subfield>
  </datafield>
  <datafield tag="952" ind1=" " ind2=" ">
    <subfield code="0">0</subfield>
    <subfield code="1">0</subfield>
    <subfield code="2">ddc</subfield>
    <subfield code="4">0</subfield>
    <subfield code="5">6</subfield>
    <subfield code="7">0</subfield>
    <subfield code="8">SE</subfield>
    <subfield code="a">BNPHU</subfield>
    <subfield code="b">BNPHU</subfield>
    <subfield code="d">2025-07-21</subfield>
    <subfield code="h">A&#xF1;o 5. N&#xFA;mero 80. octubre 2016</subfield>
    <subfield code="l">0</subfield>
    <subfield code="p">2025-6924</subfield>
    <subfield code="r">2025-07-21</subfield>
    <subfield code="t">e.1</subfield>
    <subfield code="w">2025-07-21</subfield>
    <subfield code="y">ISSUE</subfield>
    <subfield code="z">El d&#xF3;lar como valor refugio y los motivos de su demanda. </subfield>
  </datafield>
  <datafield tag="952" ind1=" " ind2=" ">
    <subfield code="0">0</subfield>
    <subfield code="1">0</subfield>
    <subfield code="2">ddc</subfield>
    <subfield code="4">0</subfield>
    <subfield code="5">6</subfield>
    <subfield code="7">0</subfield>
    <subfield code="8">SE</subfield>
    <subfield code="a">BNPHU</subfield>
    <subfield code="b">BNPHU</subfield>
    <subfield code="d">2025-07-21</subfield>
    <subfield code="h">A&#xF1;o 5. N&#xFA;mero 80. octubre 2016</subfield>
    <subfield code="l">0</subfield>
    <subfield code="p">2025-6925</subfield>
    <subfield code="r">2025-07-21</subfield>
    <subfield code="t">e.2</subfield>
    <subfield code="w">2025-07-21</subfield>
    <subfield code="y">ISSUE</subfield>
    <subfield code="z">El d&#xF3;lar como valor refugio y los motivos de su demanda. </subfield>
  </datafield>
  <datafield tag="952" ind1=" " ind2=" ">
    <subfield code="0">0</subfield>
    <subfield code="1">0</subfield>
    <subfield code="2">ddc</subfield>
    <subfield code="4">0</subfield>
    <subfield code="5">6</subfield>
    <subfield code="7">0</subfield>
    <subfield code="8">SE</subfield>
    <subfield code="a">BNPHU</subfield>
    <subfield code="b">BNPHU</subfield>
    <subfield code="d">2025-07-21</subfield>
    <subfield code="h">A&#xF1;o 5. N&#xFA;mero 81. noviembre 2016</subfield>
    <subfield code="l">0</subfield>
    <subfield code="p">2025-6926</subfield>
    <subfield code="r">2025-07-21</subfield>
    <subfield code="t">e.1</subfield>
    <subfield code="w">2025-07-21</subfield>
    <subfield code="y">ISSUE</subfield>
    <subfield code="z">Una gesti&#xF3;n fiduciaria para la central de Punta Catalina. </subfield>
  </datafield>
  <datafield tag="952" ind1=" " ind2=" ">
    <subfield code="0">0</subfield>
    <subfield code="1">0</subfield>
    <subfield code="2">ddc</subfield>
    <subfield code="4">0</subfield>
    <subfield code="5">6</subfield>
    <subfield code="7">0</subfield>
    <subfield code="8">SE</subfield>
    <subfield code="a">BNPHU</subfield>
    <subfield code="b">BNPHU</subfield>
    <subfield code="d">2025-07-21</subfield>
    <subfield code="h">A&#xF1;o 5. N&#xFA;mero 84. febrero 2017</subfield>
    <subfield code="l">0</subfield>
    <subfield code="p">2025-6927</subfield>
    <subfield code="r">2025-07-21</subfield>
    <subfield code="t">e.1</subfield>
    <subfield code="w">2025-07-21</subfield>
    <subfield code="y">ISSUE</subfield>
    <subfield code="z">Las tendencias de futuro que marca el Foro Econ&#xF3;mico Mundial. </subfield>
  </datafield>
  <datafield tag="952" ind1=" " ind2=" ">
    <subfield code="0">0</subfield>
    <subfield code="1">0</subfield>
    <subfield code="2">ddc</subfield>
    <subfield code="4">0</subfield>
    <subfield code="5">6</subfield>
    <subfield code="7">0</subfield>
    <subfield code="8">SE</subfield>
    <subfield code="a">BNPHU</subfield>
    <subfield code="b">BNPHU</subfield>
    <subfield code="d">2025-07-21</subfield>
    <subfield code="h">A&#xF1;o 5. N&#xFA;mero 84. febrero 2017</subfield>
    <subfield code="l">0</subfield>
    <subfield code="p">2025-6928</subfield>
    <subfield code="r">2025-07-21</subfield>
    <subfield code="t">e.2</subfield>
    <subfield code="w">2025-07-21</subfield>
    <subfield code="y">ISSUE</subfield>
    <subfield code="z">Las tendencias de futuro que marca el Foro Econ&#xF3;mico Mundial. </subfield>
  </datafield>
  <datafield tag="952" ind1=" " ind2=" ">
    <subfield code="0">0</subfield>
    <subfield code="1">0</subfield>
    <subfield code="2">ddc</subfield>
    <subfield code="4">0</subfield>
    <subfield code="5">6</subfield>
    <subfield code="7">0</subfield>
    <subfield code="8">SE</subfield>
    <subfield code="a">BNPHU</subfield>
    <subfield code="b">BNPHU</subfield>
    <subfield code="d">2025-07-21</subfield>
    <subfield code="h">A&#xF1;o 5. N&#xFA;mero 85. marzo 2017</subfield>
    <subfield code="l">0</subfield>
    <subfield code="p">2025-6929</subfield>
    <subfield code="r">2025-07-21</subfield>
    <subfield code="t">e.1</subfield>
    <subfield code="w">2025-07-21</subfield>
    <subfield code="y">ISSUE</subfield>
    <subfield code="z">&#xBF;Funcionar&#xE1; la econom&#xED;a colaborativa en la Rep&#xFA;blica Dominicana?. </subfield>
  </datafield>
  <datafield tag="952" ind1=" " ind2=" ">
    <subfield code="0">0</subfield>
    <subfield code="1">0</subfield>
    <subfield code="2">ddc</subfield>
    <subfield code="4">0</subfield>
    <subfield code="5">6</subfield>
    <subfield code="7">0</subfield>
    <subfield code="8">SE</subfield>
    <subfield code="a">BNPHU</subfield>
    <subfield code="b">BNPHU</subfield>
    <subfield code="d">2025-07-21</subfield>
    <subfield code="h">A&#xF1;o 5. N&#xFA;mero 85. marzo 2017</subfield>
    <subfield code="l">0</subfield>
    <subfield code="p">2025-6930</subfield>
    <subfield code="r">2025-07-21</subfield>
    <subfield code="t">e.2</subfield>
    <subfield code="w">2025-07-21</subfield>
    <subfield code="y">ISSUE</subfield>
    <subfield code="z">&#xBF;Funcionar&#xE1; la econom&#xED;a colaborativa en la Rep&#xFA;blica Dominicana?. </subfield>
  </datafield>
  <datafield tag="952" ind1=" " ind2=" ">
    <subfield code="0">0</subfield>
    <subfield code="1">0</subfield>
    <subfield code="2">ddc</subfield>
    <subfield code="4">0</subfield>
    <subfield code="5">6</subfield>
    <subfield code="7">0</subfield>
    <subfield code="8">SE</subfield>
    <subfield code="a">BNPHU</subfield>
    <subfield code="b">BNPHU</subfield>
    <subfield code="d">2025-07-21</subfield>
    <subfield code="h">A&#xF1;o 5. N&#xFA;mero 86. abril 2017</subfield>
    <subfield code="l">0</subfield>
    <subfield code="p">2025-6932</subfield>
    <subfield code="r">2025-07-21</subfield>
    <subfield code="t">e.1</subfield>
    <subfield code="w">2025-07-21</subfield>
    <subfield code="y">ISSUE</subfield>
    <subfield code="z">La delgada l&#xED;nea roja de las importaciones paralelas en RD.</subfield>
  </datafield>
  <datafield tag="952" ind1=" " ind2=" ">
    <subfield code="0">0</subfield>
    <subfield code="1">0</subfield>
    <subfield code="2">ddc</subfield>
    <subfield code="4">0</subfield>
    <subfield code="5">6</subfield>
    <subfield code="7">0</subfield>
    <subfield code="8">SE</subfield>
    <subfield code="a">BNPHU</subfield>
    <subfield code="b">BNPHU</subfield>
    <subfield code="d">2025-07-21</subfield>
    <subfield code="h">A&#xF1;o 5. N&#xFA;mero 86. abril 2017</subfield>
    <subfield code="l">0</subfield>
    <subfield code="p">2025-6933</subfield>
    <subfield code="r">2025-07-21</subfield>
    <subfield code="t">e.2</subfield>
    <subfield code="w">2025-07-21</subfield>
    <subfield code="y">ISSUE</subfield>
    <subfield code="z">La delgada l&#xED;nea roja de las importaciones paralelas en RD.</subfield>
  </datafield>
  <datafield tag="952" ind1=" " ind2=" ">
    <subfield code="0">0</subfield>
    <subfield code="1">0</subfield>
    <subfield code="2">ddc</subfield>
    <subfield code="4">0</subfield>
    <subfield code="5">6</subfield>
    <subfield code="7">0</subfield>
    <subfield code="8">SE</subfield>
    <subfield code="a">BNPHU</subfield>
    <subfield code="b">BNPHU</subfield>
    <subfield code="d">2025-07-21</subfield>
    <subfield code="h">A&#xF1;o 5. N&#xFA;mero 88. junio 2017</subfield>
    <subfield code="l">0</subfield>
    <subfield code="p">2025-6934</subfield>
    <subfield code="r">2025-07-21</subfield>
    <subfield code="t">e.1</subfield>
    <subfield code="w">2025-07-21</subfield>
    <subfield code="y">ISSUE</subfield>
    <subfield code="z">El futuro de las zonas francas est&#xE1; en la cadena de valor.</subfield>
  </datafield>
  <datafield tag="952" ind1=" " ind2=" ">
    <subfield code="0">0</subfield>
    <subfield code="1">0</subfield>
    <subfield code="2">ddc</subfield>
    <subfield code="4">0</subfield>
    <subfield code="5">6</subfield>
    <subfield code="7">0</subfield>
    <subfield code="8">SE</subfield>
    <subfield code="a">BNPHU</subfield>
    <subfield code="b">BNPHU</subfield>
    <subfield code="d">2025-07-21</subfield>
    <subfield code="h">A&#xF1;o 5. N&#xFA;mero 88. junio 2017</subfield>
    <subfield code="l">0</subfield>
    <subfield code="p">2025-6935</subfield>
    <subfield code="r">2025-07-21</subfield>
    <subfield code="t">e.2</subfield>
    <subfield code="w">2025-07-21</subfield>
    <subfield code="y">ISSUE</subfield>
    <subfield code="z">El futuro de las zonas francas est&#xE1; en la cadena de valor.</subfield>
  </datafield>
  <datafield tag="952" ind1=" " ind2=" ">
    <subfield code="0">0</subfield>
    <subfield code="1">0</subfield>
    <subfield code="2">ddc</subfield>
    <subfield code="4">0</subfield>
    <subfield code="5">6</subfield>
    <subfield code="7">0</subfield>
    <subfield code="8">SE</subfield>
    <subfield code="a">BNPHU</subfield>
    <subfield code="b">BNPHU</subfield>
    <subfield code="d">2025-07-21</subfield>
    <subfield code="h">A&#xF1;o 5. N&#xFA;mero 90. agosto 2017</subfield>
    <subfield code="l">0</subfield>
    <subfield code="p">2025-6936</subfield>
    <subfield code="r">2025-07-21</subfield>
    <subfield code="t">e.1</subfield>
    <subfield code="w">2025-07-21</subfield>
    <subfield code="y">ISSUE</subfield>
    <subfield code="z">&#xBF;Hasta cu&#xE1;ndo durar&#xE1; el petr&#xF3;leo barato?. </subfield>
  </datafield>
  <datafield tag="952" ind1=" " ind2=" ">
    <subfield code="0">0</subfield>
    <subfield code="1">0</subfield>
    <subfield code="2">ddc</subfield>
    <subfield code="4">0</subfield>
    <subfield code="5">6</subfield>
    <subfield code="7">0</subfield>
    <subfield code="8">SE</subfield>
    <subfield code="a">BNPHU</subfield>
    <subfield code="b">BNPHU</subfield>
    <subfield code="d">2025-07-21</subfield>
    <subfield code="h">A&#xF1;o 5. N&#xFA;mero 90. agosto 2017</subfield>
    <subfield code="l">0</subfield>
    <subfield code="p">2025-6937</subfield>
    <subfield code="r">2025-07-21</subfield>
    <subfield code="t">e.2</subfield>
    <subfield code="w">2025-07-21</subfield>
    <subfield code="y">ISSUE</subfield>
    <subfield code="z">&#xBF;Hasta cu&#xE1;ndo durar&#xE1; el petr&#xF3;leo barato?. </subfield>
  </datafield>
  <datafield tag="952" ind1=" " ind2=" ">
    <subfield code="0">0</subfield>
    <subfield code="1">0</subfield>
    <subfield code="2">ddc</subfield>
    <subfield code="4">0</subfield>
    <subfield code="5">6</subfield>
    <subfield code="7">0</subfield>
    <subfield code="8">SE</subfield>
    <subfield code="a">BNPHU</subfield>
    <subfield code="b">BNPHU</subfield>
    <subfield code="d">2025-07-21</subfield>
    <subfield code="h">A&#xF1;o 5. N&#xFA;mero 91. septiembre 2017</subfield>
    <subfield code="l">0</subfield>
    <subfield code="p">2025-6938</subfield>
    <subfield code="r">2025-07-21</subfield>
    <subfield code="t">e.1</subfield>
    <subfield code="w">2025-07-21</subfield>
    <subfield code="y">ISSUE</subfield>
    <subfield code="z">Los desastres naturales afectan a la producci&#xF3;n y el consumo.</subfield>
  </datafield>
  <datafield tag="952" ind1=" " ind2=" ">
    <subfield code="0">0</subfield>
    <subfield code="1">0</subfield>
    <subfield code="2">ddc</subfield>
    <subfield code="4">0</subfield>
    <subfield code="5">6</subfield>
    <subfield code="7">0</subfield>
    <subfield code="8">SE</subfield>
    <subfield code="a">BNPHU</subfield>
    <subfield code="b">BNPHU</subfield>
    <subfield code="d">2025-07-21</subfield>
    <subfield code="h">A&#xF1;o 5. N&#xFA;mero 91. septiembre 2017</subfield>
    <subfield code="l">0</subfield>
    <subfield code="p">2025-6939</subfield>
    <subfield code="r">2025-07-21</subfield>
    <subfield code="t">e.2</subfield>
    <subfield code="w">2025-07-21</subfield>
    <subfield code="y">ISSUE</subfield>
    <subfield code="z">Los desastres naturales afectan a la producci&#xF3;n y el consumo.</subfield>
  </datafield>
  <datafield tag="952" ind1=" " ind2=" ">
    <subfield code="0">0</subfield>
    <subfield code="1">0</subfield>
    <subfield code="2">ddc</subfield>
    <subfield code="4">0</subfield>
    <subfield code="5">6</subfield>
    <subfield code="7">0</subfield>
    <subfield code="8">SE</subfield>
    <subfield code="a">BNPHU</subfield>
    <subfield code="b">BNPHU</subfield>
    <subfield code="d">2025-07-21</subfield>
    <subfield code="h">A&#xF1;o 5. N&#xFA;mero 92. octubre 2017</subfield>
    <subfield code="l">0</subfield>
    <subfield code="p">2025-6940</subfield>
    <subfield code="r">2025-07-21</subfield>
    <subfield code="t">e.1</subfield>
    <subfield code="w">2025-07-21</subfield>
    <subfield code="y">ISSUE</subfield>
    <subfield code="z">El crecimiento de RD, necesitado de la asociaci&#xF3;n p&#xFA;blico-privada.</subfield>
  </datafield>
  <datafield tag="952" ind1=" " ind2=" ">
    <subfield code="0">0</subfield>
    <subfield code="1">0</subfield>
    <subfield code="2">ddc</subfield>
    <subfield code="4">0</subfield>
    <subfield code="5">6</subfield>
    <subfield code="7">0</subfield>
    <subfield code="8">SE</subfield>
    <subfield code="a">BNPHU</subfield>
    <subfield code="b">BNPHU</subfield>
    <subfield code="d">2025-07-21</subfield>
    <subfield code="h">A&#xF1;o 5. N&#xFA;mero 93. noviembre 2017</subfield>
    <subfield code="l">0</subfield>
    <subfield code="p">2025-6941</subfield>
    <subfield code="r">2025-07-21</subfield>
    <subfield code="t">e.1</subfield>
    <subfield code="w">2025-07-21</subfield>
    <subfield code="y">ISSUE</subfield>
    <subfield code="z">La Unidad de Investigaci&#xF3;n de Delitos Financieros est&#xE1; en marcha.</subfield>
  </datafield>
  <datafield tag="952" ind1=" " ind2=" ">
    <subfield code="0">0</subfield>
    <subfield code="1">0</subfield>
    <subfield code="2">ddc</subfield>
    <subfield code="4">0</subfield>
    <subfield code="5">6</subfield>
    <subfield code="7">0</subfield>
    <subfield code="8">SE</subfield>
    <subfield code="a">BNPHU</subfield>
    <subfield code="b">BNPHU</subfield>
    <subfield code="d">2025-07-21</subfield>
    <subfield code="h">A&#xF1;o 5. N&#xFA;mero 93. noviembre 2017</subfield>
    <subfield code="l">0</subfield>
    <subfield code="p">2025-6942</subfield>
    <subfield code="r">2025-07-21</subfield>
    <subfield code="t">e.2</subfield>
    <subfield code="w">2025-07-21</subfield>
    <subfield code="y">ISSUE</subfield>
    <subfield code="z">La Unidad de Investigaci&#xF3;n de Delitos Financieros est&#xE1; en marcha.</subfield>
  </datafield>
  <datafield tag="952" ind1=" " ind2=" ">
    <subfield code="0">0</subfield>
    <subfield code="1">0</subfield>
    <subfield code="2">ddc</subfield>
    <subfield code="4">0</subfield>
    <subfield code="5">6</subfield>
    <subfield code="7">0</subfield>
    <subfield code="8">SE</subfield>
    <subfield code="a">BNPHU</subfield>
    <subfield code="b">BNPHU</subfield>
    <subfield code="d">2025-07-21</subfield>
    <subfield code="h">A&#xF1;o 5. N&#xFA;mero 96. febrero 2018</subfield>
    <subfield code="l">0</subfield>
    <subfield code="p">2025-6943</subfield>
    <subfield code="r">2025-07-21</subfield>
    <subfield code="t">e.1</subfield>
    <subfield code="w">2025-07-21</subfield>
    <subfield code="y">ISSUE</subfield>
    <subfield code="z">Las Reservas Internacionales en RD llegan a su m&#xE1;ximo hist&#xF3;rico. </subfield>
  </datafield>
  <datafield tag="952" ind1=" " ind2=" ">
    <subfield code="0">0</subfield>
    <subfield code="1">0</subfield>
    <subfield code="2">ddc</subfield>
    <subfield code="4">0</subfield>
    <subfield code="5">6</subfield>
    <subfield code="7">0</subfield>
    <subfield code="8">SE</subfield>
    <subfield code="a">BNPHU</subfield>
    <subfield code="b">BNPHU</subfield>
    <subfield code="d">2025-07-21</subfield>
    <subfield code="h">A&#xF1;o 5. N&#xFA;mero 96. febrero 2018</subfield>
    <subfield code="l">0</subfield>
    <subfield code="p">2025-6944</subfield>
    <subfield code="r">2025-07-21</subfield>
    <subfield code="t">e.2</subfield>
    <subfield code="w">2025-07-21</subfield>
    <subfield code="y">ISSUE</subfield>
    <subfield code="z">Las Reservas Internacionales en RD llegan a su m&#xE1;ximo hist&#xF3;rico. </subfield>
  </datafield>
  <datafield tag="952" ind1=" " ind2=" ">
    <subfield code="0">0</subfield>
    <subfield code="1">0</subfield>
    <subfield code="2">ddc</subfield>
    <subfield code="4">0</subfield>
    <subfield code="5">6</subfield>
    <subfield code="7">0</subfield>
    <subfield code="8">SE</subfield>
    <subfield code="a">BNPHU</subfield>
    <subfield code="b">BNPHU</subfield>
    <subfield code="d">2025-07-21</subfield>
    <subfield code="h">A&#xF1;o 5. N&#xFA;mero 104. ocubre 2018</subfield>
    <subfield code="l">0</subfield>
    <subfield code="p">2025-6945</subfield>
    <subfield code="r">2025-07-21</subfield>
    <subfield code="t">e.1</subfield>
    <subfield code="w">2025-07-21</subfield>
    <subfield code="y">ISSUE</subfield>
    <subfield code="z">&#xBF;Deber&#xED;a preocuparse RD de otra posible recesi&#xF3;n?. </subfield>
  </datafield>
  <datafield tag="952" ind1=" " ind2=" ">
    <subfield code="0">0</subfield>
    <subfield code="1">0</subfield>
    <subfield code="2">ddc</subfield>
    <subfield code="4">0</subfield>
    <subfield code="5">6</subfield>
    <subfield code="7">0</subfield>
    <subfield code="8">SE</subfield>
    <subfield code="a">BNPHU</subfield>
    <subfield code="b">BNPHU</subfield>
    <subfield code="d">2025-07-21</subfield>
    <subfield code="h">A&#xF1;o 5. N&#xFA;mero 104. ocubre 2018</subfield>
    <subfield code="l">0</subfield>
    <subfield code="p">2025-6946</subfield>
    <subfield code="r">2025-07-21</subfield>
    <subfield code="t">e.2</subfield>
    <subfield code="w">2025-07-21</subfield>
    <subfield code="y">ISSUE</subfield>
    <subfield code="z">&#xBF;Deber&#xED;a preocuparse RD de otra posible recesi&#xF3;n?. </subfield>
  </datafield>
  <datafield tag="999" ind1=" " ind2=" ">
    <subfield code="c">59592</subfield>
    <subfield code="d">59592</subfield>
  </datafield>
</record>
